{"text_format":"3","workbook":"xls","n_sheets":7,"sheets":["工程项目总价表","分类分项工程量清单计价表","措施项目清单计价表","其他项目清单计价表","工程单价计算表","独立费用表","主要材料设备价格表"],"read":"whole","date_system":"1900","formulas":"cached_only"}

{"sheet":"工程项目总价表","index":0,"n_rows":13,"n_cols":6,"rows_kept":13,"merged":[[0,0,0,5],[1,1,1,5],[2,1,2,4],[3,0,3,1],[3,2,3,3],[3,4,3,5],[4,0,4,1],[4,2,4,3],[4,4,4,5],[5,0,5,1],[5,2,5,3],[5,4,5,5],[6,0,6,1],[6,2,6,3],[6,4,6,5],[7,0,7,1],[7,2,7,3],[7,4,7,5],[8,0,8,1],[8,2,8,3],[8,4,8,5],[9,0,9,1],[9,2,9,3],[9,4,9,5],[10,0,10,1],[10,2,10,3],[10,4,10,5],[11,0,11,2],[11,4,11,5],[12,0,12,2],[12,4,12,5]],"flags":["formulas_cached_only"]}
["工程项目总价表"]
[" "," "]
["工程名称：","阳江滨海新区（阳江高新区）平冈镇东一村委会两东海堤墩溪段、基围头段海堤除险加固项目",{"$nulls":3},"第1页, 共1页"]
["序 号",null,"工程项目名称",null,"金 额 (元)"]
[1,null,"分部分项工程量清单计价合计",null,2643601.13]
[2,null,"措施项目清单计价合计",null,87767.56]
[3,null,"其他项目合计",null,54627.37]
[4,null,"设备费",null," "]
[5,null,"独立费",null," "]
[6,null,"总投资",null,2785996.06]
[" ",null,"总投资:贰佰柒拾捌万伍仟玖佰玖拾陆元零陆分",null," "]
[" ",null,null," "," "]
[" ",null,null," "," "]

{"sheet":"分类分项工程量清单计价表","index":1,"n_rows":46,"n_cols":12,"rows_kept":46,"merged":[[0,0,0,11],[1,0,1,1],[1,2,1,8],[1,9,1,11],[2,0,2,1],[2,2,2,8],[2,9,2,11],[3,1,3,2],[3,5,3,6],[3,8,3,9],[4,1,4,2],[4,5,4,6],[4,8,4,9],[5,1,5,2],[5,5,5,6],[5,8,5,9],[6,1,6,2],[6,5,6,6],[6,8,6,9],[7,1,7,2],[7,5,7,6],[7,8,7,9],[8,1,8,2],[8,5,8,6],[8,8,8,9],[9,1,9,2],[9,5,9,6],[9,8,9,9],[10,1,10,2],[10,5,10,6],[10,8,10,9],[11,1,11,2],[11,5,11,6],[11,8,11,9],[12,1,12,2],[12,5,12,6],[12,8,12,9],[13,1,13,2],[13,5,13,6],[13,8,13,9],[14,1,14,2],[14,5,14,6],[14,8,14,9],[15,1,15,2],[15,5,15,6],[15,8,15,9],[16,1,16,2],[16,5,16,6],[16,8,16,9],[17,1,17,2],[17,5,17,6],[17,8,17,9],[18,1,18,2],[18,5,18,6],[18,8,18,9],[19,1,19,2],[19,5,19,6],[19,8,19,9],[20,1,20,2],[20,5,20,6],[20,8,20,9],[21,1,21,2],[21,5,21,6],[21,8,21,9],[22,1,22,2],[22,5,22,6],[22,8,22,9],[23,1,23,2],[23,5,23,6],[23,8,23,9],[24,1,24,2],[24,5,24,6],[24,8,24,9],[25,1,25,2],[25,5,25,6],[25,8,25,9],[26,1,26,2],[26,5,26,6],[26,8,26,9],[27,1,27,2],[27,5,27,6],[27,8,27,9],[28,1,28,2],[28,5,28,6],[28,8,28,9],[29,1,29,2],[29,5,29,6],[29,8,29,9],[30,0,30,5],[30,6,30,8],[30,9,30,11],[31,0,31,5],[31,6,31,8],[31,9,31,11],[32,0,32,11],[33,0,33,1],[33,2,33,8],[33,9,33,11],[34,0,34,1],[34,2,34,8],[34,9,34,11],[35,1,35,2],[35,5,35,6],[35,8,35,9],[36,1,36,2],[36,5,36,6],[36,8,36,9],[37,1,37,2],[37,5,37,6],[37,8,37,9],[38,1,38,2],[38,5,38,6],[38,8,38,9],[39,1,39,2],[39,5,39,6],[39,8,39,9],[40,1,40,2],[40,5,40,6],[40,8,40,9],[41,1,41,2],[41,5,41,6],[41,8,41,9],[42,1,42,2],[42,5,42,6],[42,8,42,9],[43,1,43,2],[43,5,43,6],[43,8,43,9],[44,0,44,5],[44,6,44,8],[44,9,44,11],[45,0,45,5],[45,6,45,8],[45,9,45,11]],"flags":["formulas_cached_only"]}
["分类分项工程量清单计价表"]
[" ",null," ",{"$nulls":6}," "]
["工程名称：",null,"阳江滨海新区（阳江高新区）平冈镇东一村委会两东海堤墩溪段、基围头段海堤除险加固项目",{"$nulls":6},"第1页, 共2页"]
["序号","项目编码",null,"项目名称","计量单位","工程数量",null,"单价(元)","合计(元)",null,"单价编号","主要技术条款编码"]
[" "," ",null,"第一篇 水利建筑工程"," "," ",null," ",2643601.13,null," "," "]
[" "," ",null,"海堤除险加固"," "," ",null," ",2182123.03,null," "," "]
[{"v":1,"d":"1."}," 500101002012",null,"清表","m2",16250.935,null,0.98,15925.92,null," "," "]
[{"v":2,"d":"2."}," 500101002011",null,"一般土方开挖","m3",330.459,null,2.74,905.46,null," "," "]
[{"v":3,"d":"3."}," 500103001013",null,"回填土","m3",12599.465,null,6.8,85676.36,null," "," "]
[{"v":4,"d":"4."}," 500103001014",null,"外购土运距3KM","m3",12106.764,null,17.01,205936.06,null," "," "]
[{"v":5,"d":"5."}," 500103016001",null,"草皮护坡","m2",3364.232,null,16.19,54466.92,null," "," "]
[{"v":6,"d":"6."}," 500109001002",null,"C25预制砼路缘石150*300*1000mm","m",931.6,null,65.48,61001.17,null," "," "]
[{"v":7,"d":"7."}," 500103005001",null,"6%水泥石粉垫层厚100mm","m3",326.06,null,247.8,80797.67,null," "," "]
[{"v":8,"d":"8."}," 500109001004",null,"C30混凝土路面厚150mm","m2",3260.6,null,95.45,311224.27,null," "," "]
[{"v":9,"d":"9."}," 500109001005",null,"C20砼压顶","m3",87.96,null,665.32,58521.55,null," "," "]
[{"v":10,"d":"10."}," 500105003001",null,"浆砌石防浪墙","m3",769.65,null,490.93,377844.27,null," "," "]
[{"v":11,"d":"11."}," 500103007001",null,"防浪墙碎石垫层厚100mm","m3",96.756,null,188.36,18224.96,null," "," "]
[{"v":12,"d":"12."}," 500103007002",null,"护坡碎石垫层厚100mm","m3",451.497,null,190.21,85879.24,null," "," "]
[{"v":13,"d":"13."}," 500109001056",null,"C20砼护坡厚120mm","m3",563.662,null,613.33,345710.81,null," "," "]
[{"v":14,"d":"14."}," 500110001001",null,"普通模板","㎡",631.32,null,61.2,38636.78,null," "," "]
[{"v":15,"d":"15."}," 500103010001",null,"抛石护脚","m3",2658.865,null,{"v":166,"d":"166."},441371.59,null," "," "]
[" "," ",null,"围堰"," "," ",null," ",151108.98,null," "," "]
[{"v":1,"d":"1."}," 500103013001",null,"编织袋装土填筑","m3",{"v":603,"d":"603."},null,82.21,49572.63,null," "," "]
[{"v":2,"d":"2."}," 500103014001",null,"彩条布防渗（170g/m2）","㎡",1704.48,null,6.65,11334.79,null," "," "]
[{"v":3,"d":"3."}," 500103001010",null,"回填开挖料","m3",3642.12,null,4.94,17992.07,null," "," "]
[{"v":4,"d":"4."}," 500101002002",null,"拆除围堰（运距3KM)","m3",4245.12,null,17.01,72209.49,null," "," "]
[" "," ",null,"预埋涵管"," "," ",null," ",310369.12,null," "," "]
[{"v":1,"d":"1."}," 500101002010",null,"一般土方开挖","m3",914.073,null,2.74,2504.56,null," "," "]
[{"v":2,"d":"2."}," 500103001011",null,"蛙式打夯机回填土","m3",463.617,null,16.75,7765.58,null," "," "]
[{"v":3,"d":"3."}," 500103008001",null,"块石换填厚500mm","m3",103.145,null,234.51,24188.53,null," "," "]
[" ",{"$nulls":5}," ",null,null," "]
[" ",{"$nulls":5}," ",null,null," "]
["分类分项工程量清单计价表"]
[" ",null," ",{"$nulls":6}," "]
["工程名称：",null,"阳江滨海新区（阳江高新区）平冈镇东一村委会两东海堤墩溪段、基围头段海堤除险加固项目",{"$nulls":6},"第2页, 共2页"]
["序号","项目编码",null,"项目名称","计量单位","工程数量",null,"单价(元)","合计(元)",null,"单价编号","主要技术条款编码"]
[{"v":4,"d":"4."}," 500109001053",null,"C15砼垫层厚100mm","m3",21.78,null,565.91,12325.52,null," "," "]
[{"v":5,"d":"5."}," 500109001058",null,"C25混凝土管座","m3",70.693,null,591.82,41837.53,null," "," "]
[{"v":6,"d":"6."}," 500114001001",null,"预制钢筋混凝土Ⅱ级管DN1500*150mm","m",93.3,null,1483.84,138442.27,null," "," "]
[{"v":7,"d":"7."}," 500109001055",null,"C25砼截渗环","m3",46.143,null,581.11,26814.16,null," "," "]
[{"v":8,"d":"8."}," 500109001059",null,"C25混凝土挡土墙基础","m3",25.258,null,591.81,14947.94,null," "," "]
[{"v":9,"d":"9."}," 500109001057",null,"C25混凝土挡土墙墙身","m3",52.62,null,581.11,30578.01,null," "," "]
[{"v":10,"d":"10."}," 500110001002",null,"普通模板","㎡",179.167,null,61.2,10965.02,null," "," "]
[" "," ",null,"合  计","元"," ",null," ",2643601.13,null," "," "]
[" ",{"$nulls":5}," ",null,null," "]
[" ",{"$nulls":5}," ",null,null," "]

{"sheet":"措施项目清单计价表","index":2,"n_rows":11,"n_cols":7,"rows_kept":11,"merged":[[0,0,0,6],[1,0,1,1],[1,2,1,6],[2,0,2,1],[2,2,2,3],[2,4,2,6],[3,1,3,5],[4,1,4,5],[5,1,5,5],[6,1,6,5],[7,1,7,5],[8,1,8,5],[9,0,9,2],[9,3,9,4],[9,5,9,6],[10,0,10,2],[10,3,10,4],[10,5,10,6]],"flags":["formulas_cached_only"]}
["措施项目清单计价表"]
[" ",null," "]
["工程名称：",null,"阳江滨海新区（阳江高新区）平冈镇东一村委会两东海堤墩溪段、基围头段海堤除险加固项目",null,"第1页, 共1页"]
["序号","项目名称",{"$nulls":4},"金额(元)"]
[1,"安全生产措施费",{"$nulls":4},66090.03]
[2,"其他临时工程费",{"$nulls":4},21677.53]
[3,"施工企业进退场费",{"$nulls":4}," "]
[4,"大型施工设备安拆费",{"$nulls":4}," "]
["0","合  计",{"$nulls":4},87767.56]
[" ",null,null," ",null," "]
[" ",null,null," ",null," "]

{"sheet":"其他项目清单计价表","index":3,"n_rows":9,"n_cols":8,"rows_kept":9,"merged":[[0,0,0,7],[1,0,1,1],[1,2,1,7],[2,0,2,1],[2,2,2,5],[2,6,2,7],[3,1,3,3],[3,4,3,6],[4,1,4,3],[4,4,4,6],[5,1,5,3],[5,4,5,6],[6,1,6,3],[6,4,6,6],[7,0,7,2],[7,3,7,4],[7,5,7,7],[8,0,8,2],[8,3,8,4],[8,5,8,7]],"flags":["formulas_cached_only"]}
["其他项目清单计价表"]
["合同编号:",null,"001"]
["工程名称：",null,"阳江滨海新区（阳江高新区）平冈镇东一村委会两东海堤墩溪段、基围头段海堤除险加固项目",{"$nulls":3},"第1页, 共1页"]
["编号","项目名称",null,null,"金额(元)",null,null,"备注"]
[1.1,"预留金",null,null,54627.37,null,null," "]
[1.2,"零星工作项目费",null,null," ",null,null," "]
[" ","合  计",null,null,54627.37,null,null," "]
[" ",null,null,"法定代表人",null," "]
[" ",null,null,"（或委托代理人）：",null,"_____________________（签字）"]

{"sheet":"工程单价计算表","index":4,"n_rows":635,"n_cols":10,"rows_kept":635,"merged":[[0,0,0,9],[1,1,1,2],[1,3,1,5],[1,6,1,7],[2,1,2,5],[2,6,2,8],[3,1,3,9],[4,1,4,3],[4,5,4,6],[4,7,4,8],[5,1,5,3],[5,5,5,6],[5,7,5,8],[6,1,6,3],[6,5,6,6],[6,7,6,8],[7,1,7,3],[7,5,7,6],[7,7,7,8],[8,1,8,3],[8,5,8,6],[8,7,8,8],[9,1,9,3],[9,5,9,6],[9,7,9,8],[10,1,10,3],[10,5,10,6],[10,7,10,8],[11,1,11,3],[11,5,11,6],[11,7,11,8],[12,1,12,3],[12,5,12,6],[12,7,12,8],[13,1,13,3],[13,5,13,6],[13,7,13,8],[14,1,14,3],[14,5,14,6],[14,7,14,8],[15,1,15,3],[15,5,15,6],[15,7,15,8],[16,0,16,3],[16,4,16,6],[16,7,16,9],[17,0,17,3],[17,4,17,6],[17,7,17,9],[18,0,18,9],[19,1,19,2],[19,3,19,5],[19,6,19,7],[20,1,20,5],[20,6,20,8],[21,1,21,9],[22,1,22,3],[22,5,22,6],[22,7,22,8],[23,1,23,3],[23,5,23,6],[23,7,23,8],[24,1,24,3],[24,5,24,6],[24,7,24,8],[25,1,25,3],[25,5,25,6],[25,7,25,8],[26,1,26,3],[26,5,26,6],[26,7,26,8],[27,1,27,3],[27,5,27,6],[27,7,27,8],[28,1,28,3],[28,5,28,6],[28,7,28,8],[29,1,29,3],[29,5,29,6],[29,7,29,8],[30,1,30,3],[30,5,30,6],[30,7,30,8],[31,1,31,3],[31,5,31,6],[31,7,31,8],[32,1,32,3],[32,5,32,6],[32,7,32,8],[33,1,33,3],[33,5,33,6],[33,7,33,8],[34,0,34,3],[34,4,34,6],[34,7,34,9],[35,0,35,3],[35,4,35,6],[35,7,35,9],[36,0,36,9],[37,1,37,2],[37,3,37,5],[37,6,37,7],[38,1,38,5],[38,6,38,8],[39,1,39,9],[40,1,40,3],[40,5,40,6],[40,7,40,8],[41,1,41,3],[41,5,41,6],[41,7,41,8],[42,1,42,3],[42,5,42,6],[42,7,42,8],[43,1,43,3],[43,5,43,6],[43,7,43,8],[44,1,44,3],[44,5,44,6],[44,7,44,8],[45,1,45,3],[45,5,45,6],[45,7,45,8],[46,1,46,3],[46,5,46,6],[46,7,46,8],[47,1,47,3],[47,5,47,6],[47,7,47,8],[48,1,48,3],[48,5,48,6],[48,7,48,8],[49,1,49,3],[49,5,49,6],[49,7,49,8],[50,1,50,3],[50,5,50,6],[50,7,50,8],[51,1,51,3],[51,5,51,6],[51,7,51,8],[52,1,52,3],[52,5,52,6],[52,7,52,8],[53,1,53,3],[53,5,53,6],[53,7,53,8],[54,1,54,3],[54,5,54,6],[54,7,54,8],[55,1,55,3],[55,5,55,6],[55,7,55,8],[56,1,56,3],[56,5,56,6],[56,7,56,8],[57,0,57,3],[57,4,57,6],[57,7,57,9],[58,0,58,3],[58,4,58,6],[58,7,58,9],[59,0,59,9],[60,1,60,2],[60,3,60,5],[60,6,60,7],[61,1,61,5],[61,6,61,8],[62,1,62,9],[63,1,63,3],[63,5,63,6],[63,7,63,8],[64,1,64,3],[64,5,64,6],[64,7,64,8],[65,1,65,3],[65,5,65,6],[65,7,65,8],[66,1,66,3],[66,5,66,6],[66,7,66,8],[67,1,67,3],[67,5,67,6],[67,7,67,8],[68,1,68,3],[68,5,68,6],[68,7,68,8],[69,1,69,3],[69,5,69,6],[69,7,69,8],[70,1,70,3],[70,5,70,6],[70,7,70,8],[71,1,71,3],[71,5,71,6],[71,7,71,8],[72,1,72,3],[72,5,72,6],[72,7,72,8],[73,1,73,3],[73,5,73,6],[73,7,73,8],[74,1,74,3],[74,5,74,6],[74,7,74,8],[75,1,75,3],[75,5,75,6],[75,7,75,8],[76,1,76,3],[76,5,76,6],[76,7,76,8],[77,0,77,3],[77,4,77,6],[77,7,77,9],[78,0,78,3],[78,4,78,6],[78,7,78,9],[79,0,79,9],[80,1,80,2],[80,3,80,5],[80,6,80,7],[81,1,81,5],[81,6,81,8],[82,1,82,9],[83,1,83,3],[83,5,83,6],[83,7,83,8],[84,1,84,3],[84,5,84,6],[84,7,84,8],[85,1,85,3],[85,5,85,6],[85,7,85,8],[86,1,86,3],[86,5,86,6],[86,7,86,8],[87,1,87,3],[87,5,87,6],[87,7,87,8],[88,1,88,3],[88,5,88,6],[88,7,88,8],[89,1,89,3],[89,5,89,6],[89,7,89,8],[90,1,90,3],[90,5,90,6],[90,7,90,8],[91,1,91,3],[91,5,91,6],[91,7,91,8],[92,1,92,3],[92,5,92,6],[92,7,92,8],[93,1,93,3],[93,5,93,6],[93,7,93,8],[94,1,94,3],[94,5,94,6],[94,7,94,8],[95,1,95,3],[95,5,95,6],[95,7,95,8],[96,1,96,3],[96,5,96,6],[96,7,96,8],[97,0,97,3],[97,4,97,6],[97,7,97,9],[98,0,98,3],[98,4,98,6],[98,7,98,9],[99,0,99,9],[100,1,100,2],[100,3,100,5],[100,6,100,7],[101,1,101,5],[101,6,101,8],[102,1,102,9],[103,1,103,3],[103,5,103,6],[103,7,103,8],[104,1,104,3],[104,5,104,6],[104,7,104,8],[105,1,105,3],[105,5,105,6],[105,7,105,8],[106,1,106,3],[106,5,106,6],[106,7,106,8],[107,1,107,3],[107,5,107,6],[107,7,107,8],[108,1,108,3],[108,5,108,6],[108,7,108,8],[109,1,109,3],[109,5,109,6],[109,7,109,8],[110,1,110,3],[110,5,110,6],[110,7,110,8],[111,1,111,3],[111,5,111,6],[111,7,111,8],[112,1,112,3],[112,5,112,6],[112,7,112,8],[113,1,113,3],[113,5,113,6],[113,7,113,8],[114,1,114,3],[114,5,114,6],[114,7,114,8],[115,1,115,3],[115,5,115,6],[115,7,115,8],[116,1,116,3],[116,5,116,6],[116,7,116,8],[117,1,117,3],[117,5,117,6],[117,7,117,8],[118,1,118,3],[118,5,118,6],[118,7,118,8],[119,1,119,3],[119,5,119,6],[119,7,119,8],[120,1,120,3],[120,5,120,6],[120,7,120,8],[121,1,121,3],[121,5,121,6],[121,7,121,8],[122,1,122,3],[122,5,122,6],[122,7,122,8],[123,0,123,3],[123,4,123,6],[123,7,123,9],[124,0,124,3],[124,4,124,6],[124,7,124,9],[125,0,125,9],[126,1,126,2],[126,3,126,5],[126,6,126,7],[127,1,127,5],[127,6,127,8],[128,1,128,9],[129,1,129,3],[129,5,129,6],[129,7,129,8],[130,1,130,3],[130,5,130,6],[130,7,130,8],[131,1,131,3],[131,5,131,6],[131,7,131,8],[132,1,132,3],[132,5,132,6],[132,7,132,8],[133,1,133,3],[133,5,133,6],[133,7,133,8],[134,1,134,3],[134,5,134,6],[134,7,134,8],[135,1,135,3],[135,5,135,6],[135,7,135,8],[136,1,136,3],[136,5,136,6],[136,7,136,8],[137,1,137,3],[137,5,137,6],[137,7,137,8],[138,1,138,3],[138,5,138,6],[138,7,138,8],[139,1,139,3],[139,5,139,6],[139,7,139,8],[140,1,140,3],[140,5,140,6],[140,7,140,8],[141,1,141,3],[141,5,141,6],[141,7,141,8],[142,1,142,3],[142,5,142,6],[142,7,142,8],[143,1,143,3],[143,5,143,6],[143,7,143,8],[144,1,144,3],[144,5,144,6],[144,7,144,8],[145,1,145,3],[145,5,145,6],[145,7,145,8],[146,1,146,3],[146,5,146,6],[146,7,146,8],[147,1,147,3],[147,5,147,6],[147,7,147,8],[148,0,148,3],[148,4,148,6],[148,7,148,9],[149,0,149,3],[149,4,149,6],[149,7,149,9],[150,0,150,9],[151,1,151,2],[151,3,151,5],[151,6,151,7],[152,1,152,5],[152,6,152,8],[153,1,153,9],[154,1,154,3],[154,5,154,6],[154,7,154,8],[155,1,155,3],[155,5,155,6],[155,7,155,8],[156,1,156,3],[156,5,156,6],[156,7,156,8],[157,1,157,3],[157,5,157,6],[157,7,157,8],[158,1,158,3],[158,5,158,6],[158,7,158,8],[159,1,159,3],[159,5,159,6],[159,7,159,8],[160,1,160,3],[160,5,160,6],[160,7,160,8],[161,1,161,3],[161,5,161,6],[161,7,161,8],[162,1,162,3],[162,5,162,6],[162,7,162,8],[163,1,163,3],[163,5,163,6],[163,7,163,8],[164,1,164,3],[164,5,164,6],[164,7,164,8],[165,1,165,3],[165,5,165,6],[165,7,165,8],[166,1,166,3],[166,5,166,6],[166,7,166,8],[167,1,167,3],[167,5,167,6],[167,7,167,8],[168,1,168,3],[168,5,168,6],[168,7,168,8],[169,1,169,3],[169,5,169,6],[169,7,169,8],[170,1,170,3],[170,5,170,6],[170,7,170,8],[171,0,171,3],[171,4,171,6],[171,7,171,9],[172,0,172,3],[172,4,172,6],[172,7,172,9],[173,0,173,9],[174,1,174,2],[174,3,174,5],[174,6,174,7],[175,1,175,5],[175,6,175,8],[176,1,176,9],[177,1,177,3],[177,5,177,6],[177,7,177,8],[178,1,178,3],[178,5,178,6],[178,7,178,8],[179,1,179,3],[179,5,179,6],[179,7,179,8],[180,1,180,3],[180,5,180,6],[180,7,180,8],[181,1,181,3],[181,5,181,6],[181,7,181,8],[182,1,182,3],[182,5,182,6],[182,7,182,8],[183,1,183,3],[183,5,183,6],[183,7,183,8],[184,1,184,3],[184,5,184,6],[184,7,184,8],[185,1,185,3],[185,5,185,6],[185,7,185,8],[186,1,186,3],[186,5,186,6],[186,7,186,8],[187,1,187,3],[187,5,187,6],[187,7,187,8],[188,1,188,3],[188,5,188,6],[188,7,188,8],[189,1,189,3],[189,5,189,6],[189,7,189,8],[190,1,190,3],[190,5,190,6],[190,7,190,8],[191,1,191,3],[191,5,191,6],[191,7,191,8],[192,1,192,3],[192,5,192,6],[192,7,192,8],[193,1,193,3],[193,5,193,6],[193,7,193,8],[194,0,194,3],[194,4,194,6],[194,7,194,9],[195,0,195,3],[195,4,195,6],[195,7,195,9],[196,0,196,9],[197,1,197,2],[197,3,197,5],[197,6,197,7],[198,1,198,5],[198,6,198,8],[199,1,199,9],[200,1,200,3],[200,5,200,6],[200,7,200,8],[201,1,201,3],[201,5,201,6],[201,7,201,8],[202,1,202,3],[202,5,202,6],[202,7,202,8],[203,1,203,3],[203,5,203,6],[203,7,203,8],[204,1,204,3],[204,5,204,6],[204,7,204,8],[205,1,205,3],[205,5,205,6],[205,7,205,8],[206,1,206,3],[206,5,206,6],[206,7,206,8],[207,1,207,3],[207,5,207,6],[207,7,207,8],[208,1,208,3],[208,5,208,6],[208,7,208,8],[209,1,209,3],[209,5,209,6],[209,7,209,8],[210,1,210,3],[210,5,210,6],[210,7,210,8],[211,1,211,3],[211,5,211,6],[211,7,211,8],[212,1,212,3],[212,5,212,6],[212,7,212,8],[213,1,213,3],[213,5,213,6],[213,7,213,8],[214,1,214,3],[214,5,214,6],[214,7,214,8],[215,1,215,3],[215,5,215,6],[215,7,215,8],[216,0,216,3],[216,4,216,6],[216,7,216,9],[217,0,217,3],[217,4,217,6],[217,7,217,9],[218,0,218,9],[219,1,219,2],[219,3,219,5],[219,6,219,7],[220,1,220,5],[220,6,220,8],[221,1,221,9],[222,1,222,3],[222,5,222,6],[222,7,222,8],[223,1,223,3],[223,5,223,6],[223,7,223,8],[224,1,224,3],[224,5,224,6],[224,7,224,8],[225,1,225,3],[225,5,225,6],[225,7,225,8],[226,1,226,3],[226,5,226,6],[226,7,226,8],[227,1,227,3],[227,5,227,6],[227,7,227,8],[228,1,228,3],[228,5,228,6],[228,7,228,8],[229,1,229,3],[229,5,229,6],[229,7,229,8],[230,1,230,3],[230,5,230,6],[230,7,230,8],[231,1,231,3],[231,5,231,6],[231,7,231,8],[232,1,232,3],[232,5,232,6],[232,7,232,8],[233,1,233,3],[233,5,233,6],[233,7,233,8],[234,1,234,3],[234,5,234,6],[234,7,234,8],[235,1,235,3],[235,5,235,6],[235,7,235,8],[236,0,236,3],[236,4,236,6],[236,7,236,9],[237,0,237,3],[237,4,237,6],[237,7,237,9],[238,0,238,9],[239,1,239,2],[239,3,239,5],[239,6,239,7],[240,1,240,5],[240,6,240,8],[241,1,241,9],[242,1,242,3],[242,5,242,6],[242,7,242,8],[243,1,243,3],[243,5,243,6],[243,7,243,8],[244,1,244,3],[244,5,244,6],[244,7,244,8],[245,1,245,3],[245,5,245,6],[245,7,245,8],[246,1,246,3],[246,5,246,6],[246,7,246,8],[247,1,247,3],[247,5,247,6],[247,7,247,8],[248,1,248,3],[248,5,248,6],[248,7,248,8],[249,1,249,3],[249,5,249,6],[249,7,249,8],[250,1,250,3],[250,5,250,6],[250,7,250,8],[251,1,251,3],[251,5,251,6],[251,7,251,8],[252,1,252,3],[252,5,252,6],[252,7,252,8],[253,1,253,3],[253,5,253,6],[253,7,253,8],[254,1,254,3],[254,5,254,6],[254,7,254,8],[255,1,255,3],[255,5,255,6],[255,7,255,8],[256,0,256,3],[256,4,256,6],[256,7,256,9],[257,0,257,3],[257,4,257,6],[257,7,257,9],[258,0,258,9],[259,1,259,2],[259,3,259,5],[259,6,259,7],[260,1,260,5],[260,6,260,8],[261,1,261,9],[262,1,262,3],[262,5,262,6],[262,7,262,8],[263,1,263,3],[263,5,263,6],[263,7,263,8],[264,1,264,3],[264,5,264,6],[264,7,264,8],[265,1,265,3],[265,5,265,6],[265,7,265,8],[266,1,266,3],[266,5,266,6],[266,7,266,8],[267,1,267,3],[267,5,267,6],[267,7,267,8],[268,1,268,3],[268,5,268,6],[268,7,268,8],[269,1,269,3],[269,5,269,6],[269,7,269,8],[270,1,270,3],[270,5,270,6],[270,7,270,8],[271,1,271,3],[271,5,271,6],[271,7,271,8],[272,1,272,3],[272,5,272,6],[272,7,272,8],[273,1,273,3],[273,5,273,6],[273,7,273,8],[274,1,274,3],[274,5,274,6],[274,7,274,8],[275,1,275,3],[275,5,275,6],[275,7,275,8],[276,1,276,3],[276,5,276,6],[276,7,276,8],[277,1,277,3],[277,5,277,6],[277,7,277,8],[278,1,278,3],[278,5,278,6],[278,7,278,8],[279,0,279,3],[279,4,279,6],[279,7,279,9],[280,0,280,3],[280,4,280,6],[280,7,280,9],[281,0,281,9],[282,1,282,2],[282,3,282,5],[282,6,282,7],[283,1,283,5],[283,6,283,8],[284,1,284,9],[285,1,285,3],[285,5,285,6],[285,7,285,8],[286,1,286,3],[286,5,286,6],[286,7,286,8],[287,1,287,3],[287,5,287,6],[287,7,287,8],[288,1,288,3],[288,5,288,6],[288,7,288,8],[289,1,289,3],[289,5,289,6],[289,7,289,8],[290,1,290,3],[290,5,290,6],[290,7,290,8],[291,1,291,3],[291,5,291,6],[291,7,291,8],[292,1,292,3],[292,5,292,6],[292,7,292,8],[293,1,293,3],[293,5,293,6],[293,7,293,8],[294,1,294,3],[294,5,294,6],[294,7,294,8],[295,1,295,3],[295,5,295,6],[295,7,295,8],[296,1,296,3],[296,5,296,6],[296,7,296,8],[297,1,297,3],[297,5,297,6],[297,7,297,8],[298,1,298,3],[298,5,298,6],[298,7,298,8],[299,1,299,3],[299,5,299,6],[299,7,299,8],[300,1,300,3],[300,5,300,6],[300,7,300,8],[301,1,301,3],[301,5,301,6],[301,7,301,8],[302,1,302,3],[302,5,302,6],[302,7,302,8],[303,1,303,3],[303,5,303,6],[303,7,303,8],[304,1,304,3],[304,5,304,6],[304,7,304,8],[305,1,305,3],[305,5,305,6],[305,7,305,8],[306,1,306,3],[306,5,306,6],[306,7,306,8],[307,1,307,3],[307,5,307,6],[307,7,307,8],[308,0,308,3],[308,4,308,6],[308,7,308,9],[309,0,309,3],[309,4,309,6],[309,7,309,9],[310,0,310,9],[311,1,311,2],[311,3,311,5],[311,6,311,7],[312,1,312,5],[312,6,312,8],[313,1,313,9],[314,1,314,3],[314,5,314,6],[314,7,314,8],[315,1,315,3],[315,5,315,6],[315,7,315,8],[316,1,316,3],[316,5,316,6],[316,7,316,8],[317,1,317,3],[317,5,317,6],[317,7,317,8],[318,1,318,3],[318,5,318,6],[318,7,318,8],[319,1,319,3],[319,5,319,6],[319,7,319,8],[320,1,320,3],[320,5,320,6],[320,7,320,8],[321,1,321,3],[321,5,321,6],[321,7,321,8],[322,1,322,3],[322,5,322,6],[322,7,322,8],[323,1,323,3],[323,5,323,6],[323,7,323,8],[324,1,324,3],[324,5,324,6],[324,7,324,8],[325,1,325,3],[325,5,325,6],[325,7,325,8],[326,1,326,3],[326,5,326,6],[326,7,326,8],[327,1,327,3],[327,5,327,6],[327,7,327,8],[328,1,328,3],[328,5,328,6],[328,7,328,8],[329,0,329,3],[329,4,329,6],[329,7,329,9],[330,0,330,3],[330,4,330,6],[330,7,330,9],[331,0,331,9],[332,1,332,2],[332,3,332,5],[332,6,332,7],[333,1,333,5],[333,6,333,8],[334,1,334,9],[335,1,335,3],[335,5,335,6],[335,7,335,8],[336,1,336,3],[336,5,336,6],[336,7,336,8],[337,1,337,3],[337,5,337,6],[337,7,337,8],[338,1,338,3],[338,5,338,6],[338,7,338,8],[339,1,339,3],[339,5,339,6],[339,7,339,8],[340,1,340,3],[340,5,340,6],[340,7,340,8],[341,1,341,3],[341,5,341,6],[341,7,341,8],[342,1,342,3],[342,5,342,6],[342,7,342,8],[343,1,343,3],[343,5,343,6],[343,7,343,8],[344,1,344,3],[344,5,344,6],[344,7,344,8],[345,1,345,3],[345,5,345,6],[345,7,345,8],[346,1,346,3],[346,5,346,6],[346,7,346,8],[347,1,347,3],[347,5,347,6],[347,7,347,8],[348,0,348,3],[348,4,348,6],[348,7,348,9],[349,0,349,3],[349,4,349,6],[349,7,349,9],[350,0,350,9],[351,1,351,2],[351,3,351,5],[351,6,351,7],[352,1,352,5],[352,6,352,8],[353,1,353,9],[354,1,354,3],[354,5,354,6],[354,7,354,8],[355,1,355,3],[355,5,355,6],[355,7,355,8],[356,1,356,3],[356,5,356,6],[356,7,356,8],[357,1,357,3],[357,5,357,6],[357,7,357,8],[358,1,358,3],[358,5,358,6],[358,7,358,8],[359,1,359,3],[359,5,359,6],[359,7,359,8],[360,1,360,3],[360,5,360,6],[360,7,360,8],[361,1,361,3],[361,5,361,6]],"merged_total":1760,"flags":["formulas_cached_only","merged_cut"]}
["工程单价计算表\n"]
[" "," ",null,"清表",null,null,"工程",null," "," "]
["单价编号:"," ",{"$nulls":4},"单位:",null,null,"m2"]
["施工工艺:"," "]
["序号","名称",null,null,"单位","数量",null,"单价(元)",null,"合计(元)"]
[1,"直接费",null,null," "," ",null," ",null,0.78]
[1.1,"人工费",null,null,"元"," ",null," ",null,0.05]
["00010006","普工",null,null,"工日",0.001,null,65.1,null,0.05]
[1.2,"材料费",null,null,"元"," ",null," ",null,0.09]
[81010001,"零星材料费",null,null,"%",{"v":17,"d":"17."},null," ",null,0.12]
[1.3,"机械使用费",null,null,"元"," ",null," ",null,0.63]
[99021018,"推土机",null,null,"台班",0.001,null,1055.19,null,0.63]
[2,"施工管理费",null,null,"元"," ",null," ",null,0.07]
[3,"利润",null,null,"%",{"v":7,"d":"7."},null,0.73,null,0.05]
[4,"税金",null,null,"%",{"v":9,"d":"9."},null,0.9,null,0.08]
[" ","合计",null,null,"元"," ",null," ",null,0.98]
[" ",{"$nulls":3},"法定代表人",null,null," "]
[" ",{"$nulls":3},"（或委托代理人）：",null,null,"____________________（签字）"]
["工程单价计算表\n"]
[" "," ",null,"一般土方开挖",null,null,"工程",null," "," "]
["单价编号:"," ",{"$nulls":4},"单位:",null,null,"m3"]
["施工工艺:"," "]
["序号","名称",null,null,"单位","数量",null,"单价(元)",null,"合计(元)"]
[1,"直接费",null,null," "," ",null," ",null,2.18]
[1.1,"人工费",null,null,"元"," ",null," ",null,0.27]
["00010006","普工",null,null,"工日",0.004,null,65.1,null,0.27]
[1.2,"材料费",null,null,"元"," ",null," ",null,0.09]
[81010001,"零星材料费",null,null,"%",{"v":5,"d":"5."},null," ",null,0.1]
[1.3,"机械使用费",null,null,"元"," ",null," ",null,1.82]
[99021003,"挖掘机",null,null,"台班",0.001,null,1216.25,null,1.82]
[2,"施工管理费",null,null,"元"," ",null," ",null,0.2]
[3,"利润",null,null,"%",{"v":7,"d":"7."},null,{"v":2,"d":"2."},null,0.14]
[4,"税金",null,null,"%",{"v":9,"d":"9."},null,2.52,null,0.23]
[" ","合计",null,null,"元"," ",null," ",null,2.74]
[" ",{"$nulls":3},"法定代表人",null,null," "]
[" ",{"$nulls":3},"（或委托代理人）：",null,null,"____________________（签字）"]
["工程单价计算表\n"]
[" "," ",null,"回填土",null,null,"工程",null," "," "]
["单价编号:"," ",{"$nulls":4},"单位:",null,null,"m3"]
["施工工艺:"," "]
["序号","名称",null,null,"单位","数量",null,"单价(元)",null,"合计(元)"]
[1,"直接费",null,null," "," ",null," ",null,5.31]
[1.1,"人工费",null,null,"元"," ",null," ",null,1.4]
["00010005","技工",null,null,"工日"," ",null,90.9,null,0.03]
["00010006","普工",null,null,"工日",0.021,null,65.1,null,1.37]
[1.2,"材料费",null,null,"元"," ",null," ",null,0.43]
[81010001,"零星材料费",null,null,"%",{"v":10,"d":"10."},null," ",null,0.48]
[1.3,"机械使用费",null,null,"元"," ",null," ",null,3.48]
[99021017,"推土机",null,null,"台班",0.001,null,876.34,null,0.7]
[99021033,"振动碾",null,null,"台班",0.001,null,1477.74,null,1.92]
[99021039,"刨毛机",null,null,"台班",0.001,null,604.01,null,0.48]
[99021040,"蛙式夯实机",null,null,"台班",0.002,null,199.32,null,0.34]
[99451170,"其他机械费",null,null,"%",{"v":1,"d":"1."},null," ",null,0.03]
[2,"施工管理费",null,null,"元"," ",null," ",null,0.57]
[3,"利润",null,null,"%",{"v":7,"d":"7."},null,5.27,null,0.37]
[4,"税金",null,null,"%",{"v":9,"d":"9."},null,6.24,null,0.56]
[" ","合计",null,null,"元"," ",null," ",null,6.8]
[" ",{"$nulls":3},"法定代表人",null,null," "]
[" ",{"$nulls":3},"（或委托代理人）：",null,null,"____________________（签字）"]
["工程单价计算表\n"]
[" "," ",null,"外购土运距3KM",null,null,"工程",null," "," "]
["单价编号:"," ",{"$nulls":4},"单位:",null,null,"m3"]
["施工工艺:"," "]
["序号","名称",null,null,"单位","数量",null,"单价(元)",null,"合计(元)"]
[1,"直接费",null,null," "," ",null," ",null,13.57]
[1.1,"人工费",null,null,"元"," ",null," ",null,0.42]
["00010006","普工",null,null,"工日",0.006,null,65.1,null,0.42]
[1.2,"材料费",null,null,"元"," ",null," ",null,0.41]
[81010001,"零星材料费",null,null,"%",{"v":4,"d":"4."},null," ",null,0.53]
[1.3,"机械使用费",null,null,"元"," ",null," ",null,12.73]
[99021003,"挖掘机",null,null,"台班",0.002,null,1216.25,null,1.99]
[99021016,"推土机",null,null,"台班",0.001,null,739.51,null,0.54]
[99063011,"自卸汽车",null,null,"台班",0.014,null,737.58,null,10.2]
[2,"施工管理费",null,null,"元"," ",null," ",null,1.2]
[3,"利润",null,null,"%",{"v":7,"d":"7."},null,11.98,null,0.84]
[4,"税金",null,null,"%",{"v":9,"d":"9."},null,15.61,null,1.4]
[" ","合计",null,null,"元"," ",null," ",null,17.01]
[" ",{"$nulls":3},"法定代表人",null,null," "]
[" ",{"$nulls":3},"（或委托代理人）：",null,null,"____________________（签字）"]
["工程单价计算表\n"]
[" "," ",null,"草皮护坡",null,null,"工程",null," "," "]
["单价编号:"," ",{"$nulls":4},"单位:",null,null,"m2"]
["施工工艺:"," "]
["序号","名称",null,null,"单位","数量",null,"单价(元)",null,"合计(元)"]
[1,"直接费",null,null," "," ",null," ",null,12.61]
[1.1,"人工费",null,null,"元"," ",null," ",null,4.65]
["00010005","技工",null,null,"工日",0.007,null,90.9,null,0.62]
["00010006","普工",null,null,"工日",0.062,null,65.1,null,4.04]
[1.2,"材料费",null,null,"元"," ",null," ",null,7.95]
[32080010,"草皮",null,null,"㎡",1.1,null,6.28,null,6.91]
[34110010,"水",null,null,"m3",0.012,null,0.6,null,0.01]
[81010015,"其他材料费",null,null,"%",{"v":15,"d":"15."},null," ",null,1.04]
[1.3,"机械使用费",null,null,"元"," ",null," ",null," "]
[2,"施工管理费",null,null,"元"," ",null," ",null,1.28]
[3,"利润",null,null,"%",{"v":7,"d":"7."},null,13.88,null,0.97]
[4,"税金",null,null,"%",{"v":9,"d":"9."},null,14.85,null,1.34]
[" ","合计",null,null,"元"," ",null," ",null,16.19]
[" ",{"$nulls":3},"法定代表人",null,null," "]
[" ",{"$nulls":3},"（或委托代理人）：",null,null,"____________________（签字）"]
["工程单价计算表\n"]
[" "," ",null,"C25预制砼路缘石150*300*1000mm",null,null,"工程",null," "," "]
["单价编号:"," ",{"$nulls":4},"单位:",null,null,"m"]
["施工工艺:"," "]
["序号","名称",null,null,"单位","数量",null,"单价(元)",null,"合计(元)"]
[1,"直接费",null,null," "," ",null," ",null,50.12]
[1.1,"人工费",null,null,"元"," ",null," ",null,6.99]
["00010005","技工",null,null,"工日",0.028,null,90.9,null,2.56]
["00010006","普工",null,null,"工日",0.033,null,65.1,null,2.15]
["00010010","人工费",null,null,"元",2.279,null,{"v":1,"d":"1."},null,2.28]
[1.2,"材料费",null,null,"元"," ",null," ",null,42.57]
[34110010,"水",null,null,"m3",0.016,null,0.6,null,0.01]
["36070005-1","C25预制砼路缘石150*300*1000mm",null,null,"m",1.02,null,24.87,null,25.37]
["80010390T001","水泥砌筑砂浆",null,null,"m3",0.006,null,325.31,null,2.05]
[80210190,"普通预拌混凝土 C15",null,null,"m3",0.038,null,388.93,null,14.8]
[81010015,"其他材料费",null,null,"%",{"v":1,"d":"1."},null," ",null,0.27]
[99450760,"其他材料费",null,null,"元",0.076,null,{"v":1,"d":"1."},null,0.08]
[1.3,"机械使用费",null,null,"元"," ",null," ",null,0.55]
[990406010,"机动翻斗车",null,null,"台班",0.003,null,{"v":179,"d":"179."},null,0.52]
[990605060,"混凝土振捣器",null,null,"台班",0.003,null,10.81,null,0.03]
[2,"施工管理费",null,null,"元"," ",null," ",null,6.11]
[3,"利润",null,null,"%",{"v":7,"d":"7."},null,55.05,null,3.85]
[4,"税金",null,null,"%",{"v":9,"d":"9."},null,60.08,null,5.41]
[" ","合计",null,null,"元"," ",null," ",null,65.48]
[" ",{"$nulls":3},"法定代表人",null,null," "]
[" ",{"$nulls":3},"（或委托代理人）：",null,null,"____________________（签字）"]
["工程单价计算表\n"]
[" "," ",null,"6%水泥石粉垫层厚100mm",null,null,"工程",null," "," "]
["单价编号:"," ",{"$nulls":4},"单位:",null,null,"m3"]
["施工工艺:"," "]
["序号","名称",null,null,"单位","数量",null,"单价(元)",null,"合计(元)"]
[1,"直接费",null,null," "," ",null," ",null,191.69]
[1.1,"人工费",null,null,"元"," ",null," ",null,8.68]
["00010005","技工",null,null,"工日",0.013,null,90.9,null,1.16]
["00010006","普工",null,null,"工日",0.115,null,65.1,null,7.51]
[1.2,"材料费",null,null,"元"," ",null," ",null,177.04]
["04010005","水泥",null,null,"t",0.122,null,405.31,null,49.61]
["04070045","石屑",null,null,"m3",1.39,null,90.92,null,126.42]
[34110010,"水",null,null,"m3",0.323,null,0.6,null,0.19]
[81010015,"其他材料费",null,null,"%",0.5,null," ",null,0.88]
[1.3,"机械使用费",null,null,"元"," ",null," ",null,5.98]
[99021037,"压路机",null,null,"台班",0.001,null,464.69,null,0.51]
[99021038,"压路机",null,null,"台班",0.007,null,624.84,null,4.62]
[99042002,"混凝土搅拌机",null,null,"台班",0.005,null,166.64,null,0.82]
[99451170,"其他机械费",null,null,"%",0.5,null," ",null,0.03]
[2,"施工管理费",null,null,"元"," ",null," ",null,21.68]
[3,"利润",null,null,"%",{"v":7,"d":"7."},null,199.59,null,13.97]
[4,"税金",null,null,"%",{"v":9,"d":"9."},null,227.34,null,20.46]
[" ","合计",null,null,"元"," ",null," ",null,247.8]
[" ",{"$nulls":3},"法定代表人",null,null," "]
[" ",{"$nulls":3},"（或委托代理人）：",null,null,"____________________（签字）"]
["工程单价计算表\n"]
[" "," ",null,"C30混凝土路面厚150mm",null,null,"工程",null," "," "]
["单价编号:"," ",{"$nulls":4},"单位:",null,null,"m2"]
["施工工艺:"," "]
["序号","名称",null,null,"单位","数量",null,"单价(元)",null,"合计(元)"]
[1,"直接费",null,null," "," ",null," ",null,77.31]
[1.1,"人工费",null,null,"元"," ",null," ",null,9.99]
["00010005","技工",null,null,"工日",0.053,null,90.9,null,4.82]
["00010006","普工",null,null,"工日",0.08,null,65.1,null,5.18]
[1.2,"材料费",null,null,"元"," ",null," ",null,67.07]
["05030391","板枋材",null,null,"m3"," ",null,1330.35,null,0.27]
["80210660T001","纯混凝土C30 二级配 42.5R",null,null,"m3",0.153,null,418.06,null,63.96]
[81010015,"其他材料费",null,null,"%",{"v":8,"d":"8."},null," ",null,5.14]
[1.3,"机械使用费",null,null,"元"," ",null," ",null,0.25]
[99042027,"振动器",null,null,"台班",0.016,null,11.76,null,0.18]
[99063002,"载重汽车",null,null,"台班"," ",null,532.14,null,0.05]
[99451170,"其他机械费",null,null,"%",{"v":5,"d":"5."},null," ",null,0.01]
[2,"施工管理费",null,null,"元"," ",null," ",null,6.42]
[3,"利润",null,null,"%",{"v":7,"d":"7."},null,54.93,null,3.85]
[4,"税金",null,null,"%",{"v":9,"d":"9."},null,87.57,null,7.88]
[" ","合计",null,null,"元"," ",null," ",null,95.45]
[" ",{"$nulls":3},"法定代表人",null,null," "]
[" ",{"$nulls":3},"（或委托代理人）：",null,null,"____________________（签字）"]
["工程单价计算表\n"]
[" "," ",null,"C20砼压顶",null,null,"工程",null," "," "]
["单价编号:"," ",{"$nulls":4},"单位:",null,null,"m3"]
["施工工艺:"," "]
["序号","名称",null,null,"单位","数量",null,"单价(元)",null,"合计(元)"]
[1,"直接费",null,null," "," ",null," ",null,537.48]
[1.1,"人工费",null,null,"元"," ",null," ",null,117.34]
["00010005","技工",null,null,"工日",0.874,null,90.9,null,79.42]
["00010006","普工",null,null,"工日",0.583,null,65.1,null,37.92]
[1.2,"材料费",null,null,"元"," ",null," ",null,416.33]
[34110010,"水",null,null,"m3",1.62,null,0.6,null,0.97]
["80210660T002","纯混凝土C20 二级配 42.5R",null,null,"m3",1.03,null,398.64,null,410.6]
[81010015,"其他材料费",null,null,"%",{"v":2,"d":"2."},null," ",null,8.23]
[1.3,"机械使用费",null,null,"元"," ",null," ",null,3.81]
[99042025,"振动器",null,null,"台班",0.075,null,10.98,null,0.82]
[99042045,"风(砂)水枪",null,null,"台班",0.025,null,118.87,null,2.95]
[99451170,"其他机械费",null,null,"%",{"v":1,"d":"1."},null," ",null,0.04]
[2,"施工管理费",null,null,"元"," ",null," ",null,44.34]
[3,"利润",null,null,"%",{"v":7,"d":"7."},null,408.12,null,28.57]
[4,"税金",null,null,"%",{"v":9,"d":"9."},null,610.39,null,54.93]
[" ","合计",null,null,"元"," ",null," ",null,665.32]
[" ",{"$nulls":3},"法定代表人",null,null," "]
[" ",{"$nulls":3},"（或委托代理人）：",null,null,"____________________（签字）"]
["工程单价计算表\n"]
[" "," ",null,"浆砌石防浪墙",null,null,"工程",null," "," "]
["单价编号:"," ",{"$nulls":4},"单位:",null,null,"m3"]
["施工工艺:"," "]
["序号","名称",null,null,"单位","数量",null,"单价(元)",null,"合计(元)"]
[1,"直接费",null,null," "," ",null," ",null,395.11]
[1.1,"人工费",null,null,"元"," ",null," ",null,132.78]
["00010005","技工",null,null,"工日",0.773,null,90.9,null,70.25]
["00010006","普工",null,null,"工日",0.961,null,65.1,null,62.54]
[1.2,"材料费",null,null,"元"," ",null," ",null,259.31]
["04110011","块石",null,null,"m3",1.24,null,115.95,null,143.78]
["80010390T001","水泥砌筑砂浆",null,null,"m3",0.353,null,325.31,null,114.83]
[81010015,"其他材料费",null,null,"%",0.5,null," ",null,1.29]
[1.3,"机械使用费",null,null,"元"," ",null," ",null,3.02]
[99042002,"混凝土搅拌机",null,null,"台班",0.011,null,166.64,null,1.77]
[99063031,"胶轮车",null,null,"台班",0.264,null,4.75,null,1.26]
[2,"施工管理费",null,null,"元"," ",null," ",null,33.62]
[3,"利润",null,null,"%",{"v":7,"d":"7."},null,309.46,null,21.66]
[4,"税金",null,null,"%",{"v":9,"d":"9."},null,450.4,null,40.54]
[" ","合计",null,null,"元"," ",null," ",null,490.93]
[" ",{"$nulls":3},"法定代表人",null,null," "]
[" ",{"$nulls":3},"（或委托代理人）：",null,null,"____________________（签字）"]
["工程单价计算表\n"]
[" "," ",null,"防浪墙碎石垫层厚100mm",null,null,"工程",null," "," "]
["单价编号:"," ",{"$nulls":4},"单位:",null,null,"m3"]
["施工工艺:"," "]
["序号","名称",null,null,"单位","数量",null,"单价(元)",null,"合计(元)"]
[1,"直接费",null,null," "," ",null," ",null,155.06]
[1.1,"人工费",null,null,"元"," ",null," ",null,1.66]
["00010005","技工",null,null,"工日",0.001,null,90.9,null,0.05]
["00010006","普工",null,null,"工日",0.025,null,65.1,null,1.61]
[1.2,"材料费",null,null,"元"," ",null," ",null,145.17]
["04050051","碎石",null,null,"m3",1.06,null,136.2,null,144.37]
[81010015,"其他材料费",null,null,"%",{"v":1,"d":"1."},null," ",null,1.44]
[1.3,"机械使用费",null,null,"元"," ",null," ",null,8.24]
[99021017,"推土机",null,null,"台班",0.009,null,876.34,null,8.24]
[2,"施工管理费",null,null,"元"," ",null," ",null,10.79]
[3,"利润",null,null,"%",{"v":7,"d":"7."},null,99.3,null,6.95]
[4,"税金",null,null,"%",{"v":9,"d":"9."},null,172.8,null,15.55]
[" ","合计",null,null,"元"," ",null," ",null,188.36]
[" ",{"$nulls":3},"法定代表人",null,null," "]
[" ",{"$nulls":3},"（或委托代理人）：",null,null,"____________________（签字）"]
["工程单价计算表\n"]
[" "," ",null,"护坡碎石垫层厚100mm",null,null,"工程",null," "," "]
["单价编号:"," ",{"$nulls":4},"单位:",null,null,"m3"]
["施工工艺:"," "]
["序号","名称",null,null,"单位","数量",null,"单价(元)",null,"合计(元)"]
[1,"直接费",null,null," "," ",null," ",null,156.48]
[1.1,"人工费",null,null,"元"," ",null," ",null,1.83]
["00010005","技工",null,null,"工日",0.001,null,90.9,null,0.05]
["00010006","普工",null,null,"工日",0.027,null,65.1,null,1.78]
[1.2,"材料费",null,null,"元"," ",null," ",null,145.17]
["04050051","碎石",null,null,"m3",1.06,null,136.2,null,144.37]
[81010015,"其他材料费",null,null,"%",{"v":1,"d":"1."},null," ",null,1.44]
[1.3,"机械使用费",null,null,"元"," ",null," ",null,9.49]
[99021002,"挖掘机",null,null,"台班",0.01,null,917.46,null,9.49]
[2,"施工管理费",null,null,"元"," ",null," ",null,10.96]
[3,"利润",null,null,"%",{"v":7,"d":"7."},null,100.91,null,7.06]
[4,"税金",null,null,"%",{"v":9,"d":"9."},null,174.51,null,15.71]
[" ","合计",null,null,"元"," ",null," ",null,190.21]
[" ",{"$nulls":3},"法定代表人",null,null," "]
[" ",{"$nulls":3},"（或委托代理人）：",null,null,"____________________（签字）"]
["工程单价计算表\n"]
[" "," ",null,"C20砼护坡厚120mm",null,null,"工程",null," "," "]
["单价编号:"," ",{"$nulls":4},"单位:",null,null,"m3"]
["施工工艺:"," "]
["序号","名称",null,null,"单位","数量",null,"单价(元)",null,"合计(元)"]
[1,"直接费",null,null," "," ",null," ",null,497.74]
[1.1,"人工费",null,null,"元"," ",null," ",null,84.04]
["00010005","技工",null,null,"工日",0.626,null,90.9,null,56.88]
["00010006","普工",null,null,"工日",0.417,null,65.1,null,27.16]
[1.2,"材料费",null,null,"元"," ",null," ",null,412.54]
[34110010,"水",null,null,"m3",1.26,null,0.6,null,0.76]
["80210660T002","纯混凝土C20 二级配 42.5R",null,null,"m3",1.03,null,398.64,null,410.6]
[81010015,"其他材料费",null,null,"%",0.5,null," ",null,2.06]
[1.3,"机械使用费",null,null,"元"," ",null," ",null,1.16]
[99042027,"振动器",null,null,"台班",0.062,null,11.76,null,0.73]
[99042045,"风(砂)水枪",null,null,"台班",0.003,null,118.87,null,0.4]
[99451170,"其他机械费",null,null,"%",{"v":3,"d":"3."},null," ",null,0.03]
[2,"施工管理费",null,null,"元"," ",null," ",null,39.5]
[3,"利润",null,null,"%",{"v":7,"d":"7."},null,363.54,null,25.45]
[4,"税金",null,null,"%",{"v":9,"d":"9."},null,562.69,null,50.64]
[" ","合计",null,null,"元"," ",null," ",null,613.33]
[" ",{"$nulls":3},"法定代表人",null,null," "]
[" ",{"$nulls":3},"（或委托代理人）：",null,null,"____________________（签字）"]
["工程单价计算表\n"]
[" "," ",null,"普通模板",null,null,"工程",null," "," "]
["单价编号:"," ",{"$nulls":4},"单位:",null,null,"㎡"]
["施工工艺:"," "]
["序号","名称",null,null,"单位","数量",null,"单价(元)",null,"合计(元)"]
[1,"直接费",null,null," "," ",null," ",null,47.12]
[1.1,"人工费",null,null,"元"," ",null," ",null,23.43]
["00010005","技工",null,null,"工日",0.216,null,90.9,null,19.68]
["00010006","普工",null,null,"工日",0.058,null,65.1,null,3.75]
[1.2,"材料费",null,null,"元"," ",null," ",null,16.25]
["01000001","型钢",null,null,"kg",0.43,null,3.98,null,1.71]
["03135270","电焊条",null,null,"kg",0.025,null,6.2,null,0.15]
["03213001","铁件",null,null,"kg",0.015,null,5.5,null,0.08]
["03213131","预埋铁件",null,null,"kg",1.217,null,5.8,null,7.06]
[35010010,"标准钢模板",null,null,"kg",0.995,null,5.44,null,5.41]
[35030115,"卡扣件",null,null,"kg",0.253,null,{"v":6,"d":"6."},null,1.52]
[81010015,"其他材料费",null,null,"%",{"v":3,"d":"3."},null," ",null,0.32]
[1.3,"机械使用费",null,null,"元"," ",null," ",null,7.44]
[99063002,"载重汽车",null,null,"台班",0.001,null,532.14,null,0.32]
[99084033,"汽车起重机",null,null,"台班",0.011,null,570.62,null,6.51]
[99147045,"电焊机",null,null,"台班",0.004,null,53.47,null,0.24]
[99147054,"钢筋切断机",null,null,"台班"," ",null,183.34,null,0.02]
[99451170,"其他机械费",null,null,"%",{"v":5,"d":"5."},null," ",null,0.35]
[2,"施工管理费",null,null,"元"," ",null," ",null,5.54]
[3,"利润",null,null,"%",{"v":7,"d":"7."},null,51.01,null,3.57]
[4,"税金",null,null,"%",{"v":9,"d":"9."},null,56.15,null,5.05]
[" ","合计",null,null,"元"," ",null," ",null,61.2]
[" ",{"$nulls":3},"法定代表人",null,null," "]
[" ",{"$nulls":3},"（或委托代理人）：",null,null,"____________________（签字）"]
["工程单价计算表\n"]
[" "," ",null,"抛石护脚",null,null,"工程",null," "," "]
["单价编号:"," ",{"$nulls":4},"单位:",null,null,"m3"]
["施工工艺:"," "]
["序号","名称",null,null,"单位","数量",null,"单价(元)",null,"合计(元)"]
[1,"直接费",null,null," "," ",null," ",null,136.05]
[1.1,"人工费",null,null,"元"," ",null," ",null,1.09]
["00010005","技工",null,null,"工日"," ",null,90.9,null,0.03]
["00010006","普工",null,null,"工日",0.016,null,65.1,null,1.06]
[1.2,"材料费",null,null,"元"," ",null," ",null,130.43]
["04110001","毛石",null,null,"m3",1.08,null,120.07,null,129.68]
[81010015,"其他材料费",null,null,"%",{"v":1,"d":"1."},null," ",null,1.3]
[1.3,"机械使用费",null,null,"元"," ",null," ",null,4.53]
[99021003,"挖掘机",null,null,"台班",0.003,null,1216.25,null,3.16]
[99021018,"推土机",null,null,"台班",0.001,null,1055.19,null,1.37]
[2,"施工管理费",null,null,"元"," ",null," ",null,9.88]
[3,"利润",null,null,"%",{"v":7,"d":"7."},null,90.93,null,6.36]
[4,"税金",null,null,"%",{"v":9,"d":"9."},null,152.3,null,13.71]
[" ","合计",null,null,"元"," ",null," ",null,{"v":166,"d":"166."}]
[" ",{"$nulls":3},"法定代表人",null,null," "]
[" ",{"$nulls":3},"（或委托代理人）：",null,null,"____________________（签字）"]
["工程单价计算表\n"]
[" "," ",null,"编织袋装土填筑",null,null,"工程",null," "," "]
["单价编号:"," ",{"$nulls":4},"单位:",null,null,"m3"]
["施工工艺:"," "]
["序号","名称",null,null,"单位","数量",null,"单价(元)",null,"合计(元)"]
[1,"直接费",null,null," "," ",null," ",null,62.26]
[1.1,"人工费",null,null,"元"," ",null," ",null,44.56]
["00010005","技工",null,null,"工日",0.014,null,90.9,null,1.24]
["00010006","普工",null,null,"工日",0.665,null,65.1,null,43.32]
[1.2,"材料费",null,null,"元"," ",null," ",null,17.7]
["02190210","编织袋",null,null,"个",29.2,null,0.6,null,17.52]
[81010015,"其他材料费",null,null,"%",{"v":1,"d":"1."},null," ",null,0.18]
[1.3,"机械使用费",null,null,"元"," ",null," ",null," "]
[2,"施工管理费",null,null,"元"," ",null," ",null,8.23]
[3,"利润",null,null,"%",{"v":7,"d":"7."},null,70.49,null,4.93]
[4,"税金",null,null,"%",{"v":9,"d":"9."},null,75.42,null,6.79]
[" ","合计",null,null,"元"," ",null," ",null,82.21]
[" ",{"$nulls":3},"法定代表人",null,null," "]
[" ",{"$nulls":3},"（或委托代理人）：",null,null,"____________________（签字）"]
["工程单价计算表\n"]
[" "," ",null,"彩条布防渗（170g/m2）",null,null,"工程",null," "," "]
["单价编号:"," ",{"$nulls":4},"单位:",null,null,"㎡"]
["施工工艺:"," "]
["序号","名称",null,null,"单位","数量",null,"单价(元)",null,"合计(元)"]
[1,"直接费",null,null," "," ",null," ",null,5.03]
[1.1,"人工费",null,null,"元"," ",null," ",null,2.15]
["00010005","技工",null,null,"工日",0.007,null,90.9,null,0.61]
["00010006","普工",null,null,"工日",0.024,null,65.1,null,1.54]
[1.2,"材料费",null,null,"元"," ",null," ",null,2.88]
["02270075-1","彩条布（170g/m2）",null,null,"㎡",1.13,null,2.5,null,2.82]
[81010015,"其他材料费",null,null,"%",{"v":2,"d":"2."},null," ",null,0.06]
[1.3,"机械使用费",null,null,"元"," ",null," ",null," "]
[2,"施工管理费",null,null,"元"," ",null," ",null,0.67]
[3,"利润",null,null,"%",{"v":7,"d":"7."},null,5.7,null,0.4]
[4,"税金",null,null,"%",{"v":9,"d":"9."},null,6.1,null,0.55]
[" ","合计",null,null,"元"," ",null," ",null,6.65]
[" ",{"$nulls":3},"法定代表人",null,null," "]
[" ",{"$nulls":3},"（或委托代理人）：",null,null,"____________________（签字）"]
["工程单价计算表\n"]
[" "," ",null,"回填开挖料",null,null,"工程",null," "," "]
["单价编号:"," ",{"$nulls":4},"单位:",null,null,"m3"]
["施工工艺:"," "]
["序号","名称",null,null,"单位","数量",null,"单价(元)",null,"合计(元)"]
[1,"直接费",null,null," "," ",null," ",null,3.87]
[1.1,"人工费",null,null,"元"," ",null," ",null,0.49]
["00010005","技工",null,null,"工日"," ",null,90.9,null,0.01]
["00010006","普工",null,null,"工日",0.007,null,65.1,null,0.48]
[1.2,"材料费",null,null,"元"," ",null," ",null,0.24]
[81010001,"零星材料费",null,null,"%",{"v":8,"d":"8."},null," ",null,0.29]
[1.3,"机械使用费",null,null,"元"," ",null," ",null,3.14]
[99021020,"推土机",null,null,"台班",0.002,null,1362.07,null,2.86]
[99021040,"蛙式夯实机",null,null,"台班",0.001,null,199.32,null,0.28]
[2,"施工管理费",null,null,"元"," ",null," ",null,0.4]
[3,"利润",null,null,"%",{"v":7,"d":"7."},null,3.67,null,0.26]
[4,"税金",null,null,"%",{"v":9,"d":"9."},null,4.53,null,0.41]
[" ","合计",null,null,"元"," ",null," ",null,4.94]
[" ",{"$nulls":3},"法定代表人",null,null," "]
[" ",{"$nulls":3},"（或委托代理人）：",null,null,"____________________（签字）"]
["工程单价计算表\n"]
[" "," ",null,"拆除围堰（运距3KM)",null,null,"工程",null," "," "]
["单价编号:"," ",{"$nulls":4},"单位:",null,null,"m3"]
["施工工艺:"," "]
["序号","名称",null,null,"单位","数量",null,"单价(元)",null,"合计(元)"]
[1,"直接费",null,null," "," ",null," ",null,13.57]
[1.1,"人工费",null,null,"元"," ",null," ",null,0.42]
["00010006","普工",null,null,"工日",0.006,null,65.1,null,0.42]
[1.2,"材料费",null,null,"元"," ",null," ",null,0.41]
[81010001,"零星材料费",null,null,"%",{"v":4,"d":"4."},null," ",null,0.53]
[1.3,"机械使用费",null,null,"元"," ",null," ",null,12.73]
[99021003,"挖掘机",null,null,"台班",0.002,null,1216.25,null,1.99]
[99021016,"推土机",null,null,"台班",0.001,null,739.51,null,0.54]
[99063011,"自卸汽车",null,null,"台班",0.014,null,737.58,null,10.2]
[2,"施工管理费",null,null,"元"," ",null," ",null,1.2]
[3,"利润",null,null,"%",{"v":7,"d":"7."},null,11.98,null,0.84]
[4,"税金",null,null,"%",{"v":9,"d":"9."},null,15.61,null,1.4]
[" ","合计",null,null,"元"," ",null," ",null,17.01]
[" ",{"$nulls":3},"法定代表人",null,null," "]
[" ",{"$nulls":3},"（或委托代理人）：",null,null,"____________________（签字）"]
["工程单价计算表\n"]
[" "," ",null,"一般土方开挖",null,null,"工程",null," "," "]
["单价编号:"," ",{"$nulls":4},"单位:",null,null,"m3"]
["施工工艺:"," "]
["序号","名称",null,null,"单位","数量",null,"单价(元)",null,"合计(元)"]
[1,"直接费",null,null," "," ",null," ",null,2.18]
[1.1,"人工费",null,null,"元"," ",null," ",null,0.27]
["00010006","普工",null,null,"工日",0.004,null,65.1,null,0.27]
[1.2,"材料费",null,null,"元"," ",null," ",null,0.09]
[81010001,"零星材料费",null,null,"%",{"v":5,"d":"5."},null," ",null,0.1]
[1.3,"机械使用费",null,null,"元"," ",null," ",null,1.82]
[99021003,"挖掘机",null,null,"台班",0.002,null,1216.25,null,1.82]
[2,"施工管理费",null,null,"元"," ",null," ",null,0.2]
[3,"利润",null,null,"%",{"v":7,"d":"7."},null,{"v":2,"d":"2."},null,0.14]
[4,"税金",null,null,"%",{"v":9,"d":"9."},null,2.52,null,0.23]
[" ","合计",null,null,"元"," ",null," ",null,2.74]
[" ",{"$nulls":3},"法定代表人",null,null," "]
[" ",{"$nulls":3},"（或委托代理人）：",null,null,"____________________（签字）"]
["工程单价计算表\n"]
[" "," ",null,"蛙式打夯机回填土",null,null,"工程",null," "," "]
["单价编号:"," ",{"$nulls":4},"单位:",null,null,"m3"]
["施工工艺:"," "]
["序号","名称",null,null,"单位","数量",null,"单价(元)",null,"合计(元)"]
[1,"直接费",null,null," "," ",null," ",null,12.8]
[1.1,"人工费",null,null,"元"," ",null," ",null,6.45]
["00010005","技工",null,null,"工日"," ",null,90.9,null,0.03]
["00010006","普工",null,null,"工日",0.099,null,65.1,null,6.43]
[1.2,"材料费",null,null,"元"," ",null," ",null,0.61]
[81010001,"零星材料费",null,null,"%",{"v":5,"d":"5."},null," ",null,0.61]
[1.3,"机械使用费",null,null,"元"," ",null," ",null,5.74]
[99021040,"蛙式夯实机",null,null,"台班",0.029,null,199.32,null,5.74]
[2,"施工管理费",null,null,"元"," ",null," ",null,1.56]
[3,"利润",null,null,"%",{"v":7,"d":"7."},null,14.36,null,1.01]
[4,"税金",null,null,"%",{"v":9,"d":"9."},null,15.37,null,1.38]
[" ","合计",null,null,"元"," ",null," ",null,16.75]
[" ",{"$nulls":3},"法定代表人",null,null," "]
[" ",{"$nulls":3},"（或委托代理人）：",null,null,"____________________（签字）"]
["工程单价计算表\n"]
[" "," ",null,"块石换填厚500mm",null,null,"工程",null," "," "]
["单价编号:"," ",{"$nulls":4},"单位:",null,null,"m3"]
["施工工艺:"," "]
["序号","名称",null,null,"单位","数量",null,"单价(元)",null,"合计(元)"]
[1,"直接费",null,null," "," ",null," ",null,188.97]
[1.1,"人工费",null,null,"元"," ",null," ",null,40.2]
["00010005","技工",null,null,"工日",0.156,null,90.9,null,14.14]
["00010006","普工",null,null,"工日",0.4,null,65.1,null,26.06]
[1.2,"材料费",null,null,"元"," ",null," ",null,148.15]
["04110011","块石",null,null,"m3",1.27,null,115.95,null,147.26]
[81010015,"其他材料费",null,null,"%",{"v":1,"d":"1."},null," ",null,1.47]
[1.3,"机械使用费",null,null,"元"," ",null," ",null,0.62]
[99063031,"胶轮车",null,null,"台班",0.131,null,4.75,null,0.62]
[2,"施工管理费",null,null,"元"," ",null," ",null,15.92]
[3,"利润",null,null,"%",{"v":7,"d":"7."},null,146.53,null,10.26]
[4,"税金",null,null,"%",{"v":9,"d":"9."},null,215.15,null,19.36]
[" ","合计",null,null,"元"," ",null," ",null,234.51]
[" ",{"$nulls":3},"法定代表人",null,null," "]
[" ",{"$nulls":3},"（或委托代理人）：",null,null,"____________________（签字）"]
["工程单价计算表\n"]
[" "," ",null,"C15砼垫层厚100mm",null,null,"工程",null," "," "]
["单价编号:"," ",{"$nulls":4},"单位:",null,null,"m3"]
["施工工艺:"," "]
["序号","名称",null,null,"单位","数量",null,"单价(元)",null,"合计(元)"]
[1,"直接费",null,null," "," ",null," ",null,459.84]
[1.1,"人工费",null,null,"元"," ",null," ",null,56.16]
["00010005","技工",null,null,"工日",0.418,null,90.9,null,38.01]
["00010006","普工",null,null,"工日",0.279,null,65.1,null,18.15]
[1.2,"材料费",null,null,"元"," ",null," ",null,402.46]
[34110010,"水",null,null,"m3",1.12,null,0.6,null,0.67]
["80210660T003","纯混凝土C15 二级配 42.5R",null,null,"m3",1.03,null,388.93,null,400.6]
[81010015,"其他材料费",null,null,"%",0.5,null," ",null,2.01]
[1.3,"机械使用费",null,null,"元"," ",null," ",null,1.21]
[99042027,"振动器",null,null,"台班",0.066,null,11.76,null,0.77]
[99042045,"风(砂)水枪",null,null,"台班",0.003,null,118.87,null,0.4]
[99451170,"其他机械费",null,null,"%",{"v":3,"d":"3."},null," ",null,0.04]
[2,"施工管理费",null,null,"元"," ",null," ",null,36.1]
[3,"利润",null,null,"%",{"v":7,"d":"7."},null,332.23,null,23.26]
[4,"税金",null,null,"%",{"v":9,"d":"9."},null,519.19,null,46.73]
[" ","合计",null,null,"元"," ",null," ",null,565.91]
[" ",{"$nulls":3},"法定代表人",null,null," "]
[" ",{"$nulls":3},"（或委托代理人）：",null,null,"____________________（签字）"]
["工程单价计算表\n"]
[" "," ",null,"C25混凝土管座",null,null,"工程",null," "," "]
["单价编号:"," ",{"$nulls":4},"单位:",null,null,"m3"]
["施工工艺:"," "]
["序号","名称",null,null,"单位","数量",null,"单价(元)",null,"合计(元)"]
[1,"直接费",null,null," "," ",null," ",null,482.97]
[1.1,"人工费",null,null,"元"," ",null," ",null,53.17]
["00010005","技工",null,null,"工日",0.396,null,90.9,null,35.99]
["00010006","普工",null,null,"工日",0.264,null,65.1,null,17.18]
[1.2,"材料费",null,null,"元"," ",null," ",null,425.85]
[34110010,"水",null,null,"m3",0.84,null,0.6,null,0.5]
["80210660T008","纯混凝土C25 二级配 42.5R",null,null,"m3",1.03,null,408.35,null,420.6]
[81010015,"其他材料费",null,null,"%",{"v":2,"d":"2."},null," ",null,8.42]
[1.3,"机械使用费",null,null,"元"," ",null," ",null,3.95]
[99042025,"振动器",null,null,"台班",0.054,null,10.98,null,0.6]
[99042045,"风(砂)水枪",null,null,"台班",0.025,null,118.87,null,{"v":3,"d":"3."}]
[99451170,"其他机械费",null,null,"%",{"v":10,"d":"10."},null," ",null,0.36]
[2,"施工管理费",null,null,"元"," ",null," ",null,36.48]
[3,"利润",null,null,"%",{"v":7,"d":"7."},null,335.75,null,23.5]
[4,"税金",null,null,"%",{"v":9,"d":"9."},null,542.95,null,48.87]
[" ","合计",null,null,"元"," ",null," ",null,591.82]
[" ",{"$nulls":3},"法定代表人",null,null," "]
[" ",{"$nulls":3},"（或委托代理人）：",null,null,"____________________（签字）"]
["工程单价计算表\n"]
[" "," ",null,"预制钢筋混凝土Ⅱ级管DN1500*150mm",null,null,"工程",null," "," "]
["单价编号:"," ",{"$nulls":4},"单位:",null,null,"m"]
["施工工艺:"," "]
["序号","名称",null,null,"单位","数量",null,"单价(元)",null,"合计(元)"]
[1,"直接费",null,null," "," ",null," ",null,1327.59]
[1.1,"人工费",null,null,"元"," ",null," ",null,111.08]
["00010005","技工",null,null,"工日",0.935,null,90.9,null,84.99]
["00010006","普工",null,null,"工日",0.401,null,65.1,null,26.09]
[1.2,"材料费",null,null,"元"," ",null," ",null,1162.14]
["02050085-1","橡胶止水圈",null,null,"个",0.21,null,100.42,null,21.09]
[14090040,"黄油",null,null,"kg",0.068,null,13.8,null,0.94]
["17290267-1","预制钢筋混凝土Ⅱ级管DN1500*150mm",null,null,"m",1.01,null,1128.39,null,1139.67]
[81010015,"其他材料费",null,null,"%",{"v":2,"d":"2."},null," ",null,0.44]
[1.3,"机械使用费",null,null,"元"," ",null," ",null,54.37]
[99063005,"载重汽车",null,null,"台班",0.012,null,809.2,null,9.71]
[99084040,"汽车起重机",null,null,"台班",0.03,null,1278.13,null,38.34]
[99084084,"卷扬机",null,null,"台班",0.03,null,175.09,null,5.25]
[99451170,"其他机械费",null,null,"%",{"v":2,"d":"2."},null," ",null,1.07]
[2,"施工管理费",null,null,"元"," ",null," ",null,19.97]
[3,"利润",null,null,"%",{"v":7,"d":"7."},null,199.01,null,13.93]
[4,"税金",null,null,"%",{"v":9,"d":"9."},null,1361.32,null,122.52]
[" ","合计",null,null,"元"," ",null," ",null,1483.84]
[" ",{"$nulls":3},"法定代表人",null,null," "]
[" ",{"$nulls":3},"（或委托代理人）：",null,null,"____________________（签字）"]
["工程单价计算表\n"]
[" "," ",null,"C25砼截渗环",null,null,"工程",null," "," "]
["单价编号:"," ",{"$nulls":4},"单位:",null,null,"m3"]
["施工工艺:"," "]
["序号","名称",null,null,"单位","数量",null,"单价(元)",null,"合计(元)"]
[1,"直接费",null,null," "," ",null," ",null,474.79]
[1.1,"人工费",null,null,"元"," ",null," ",null,47.81]
["00010005","技工",null,null,"工日",0.279,null,90.9,null,25.34]
["00010006","普工",null,null,"工日",0.345,null,65.1,null,22.47]
[1.2,"材料费",null,null,"元"," ",null," ",null,423.82]
[34110010,"水",null,null,"m3",1.4,null,0.6,null,0.84]
["80210660T007","纯混凝土C25 二级配 42.5R",null,null,"m3",1.03,null,408.35,null,420.6]
[81010015,"其他材料费",null,null,"%",{"v":1,"d":"1."},null," ",null,4.21]
[1.3,"机械使用费",null,null,"元"," ",null," ",null,3.17]
[99042025,"振动器",null,null,"台班",0.067,null,10.98,null,0.73]
[99042045,"风(砂)水枪",null,null,"台班",0.017,null,118.87,null,2.07]
[99451170,"其他机械费",null,null,"%",{"v":13,"d":"13."},null," ",null,0.36]
[2,"施工管理费",null,null,"元"," ",null," ",null,35.48]
[3,"利润",null,null,"%",{"v":7,"d":"7."},null,326.57,null,22.86]
[4,"税金",null,null,"%",{"v":9,"d":"9."},null,533.13,null,47.98]
[" ","合计",null,null,"元"," ",null," ",null,581.11]
[" ",{"$nulls":3},"法定代表人",null,null," "]
[" ",{"$nulls":3},"（或委托代理人）：",null,null,"____________________（签字）"]
["工程单价计算表\n"]
[" "," ",null,"C25混凝土挡土墙基础",null,null,"工程",null," "," "]
["单价编号:"," ",{"$nulls":4},"单位:",null,null,"m3"]
["施工工艺:"," "]
["序号","名称",null,null,"单位","数量",null,"单价(元)",null,"合计(元)"]
[1,"直接费",null,null," "," ",null," ",null,482.97]
[1.1,"人工费",null,null,"元"," ",null," ",null,53.17]
["00010005","技工",null,null,"工日",0.396,null,90.9,null,35.99]
["00010006","普工",null,null,"工日",0.264,null,65.1,null,17.18]
[1.2,"材料费",null,null,"元"," ",null," ",null,425.85]
[34110010,"水",null,null,"m3",0.84,null,0.6,null,0.5]
["80210660T008","纯混凝土C25 二级配 42.5R",null,null,"m3",1.03,null,408.35,null,420.6]
[81010015,"其他材料费",null,null,"%",{"v":2,"d":"2."},null," ",null,8.42]
[1.3,"机械使用费",null,null,"元"," ",null," ",null,3.95]
[99042025,"振动器",null,null,"台班",0.054,null,10.98,null,0.6]
[99042045,"风(砂)水枪",null,null,"台班",0.025,null,118.87,null,{"v":3,"d":"3."}]
[99451170,"其他机械费",null,null,"%",{"v":10,"d":"10."},null," ",null,0.36]
[2,"施工管理费",null,null,"元"," ",null," ",null,36.48]
[3,"利润",null,null,"%",{"v":7,"d":"7."},null,335.75,null,23.5]
[4,"税金",null,null,"%",{"v":9,"d":"9."},null,542.95,null,48.87]
[" ","合计",null,null,"元"," ",null," ",null,591.81]
[" ",{"$nulls":3},"法定代表人",null,null," "]
[" ",{"$nulls":3},"（或委托代理人）：",null,null,"____________________（签字）"]
["工程单价计算表\n"]
[" "," ",null,"C25混凝土挡土墙墙身",null,null,"工程",null," "," "]
["单价编号:"," ",{"$nulls":4},"单位:",null,null,"m3"]
["施工工艺:"," "]
["序号","名称",null,null,"单位","数量",null,"单价(元)",null,"合计(元)"]
[1,"直接费",null,null," "," ",null," ",null,474.79]
[1.1,"人工费",null,null,"元"," ",null," ",null,47.81]
["00010005","技工",null,null,"工日",0.279,null,90.9,null,25.34]
["00010006","普工",null,null,"工日",0.345,null,65.1,null,22.47]
[1.2,"材料费",null,null,"元"," ",null," ",null,423.82]
[34110010,"水",null,null,"m3",1.4,null,0.6,null,0.84]
["80210660T006","纯混凝土C25 二级配 42.5R",null,null,"m3",1.03,null,408.35,null,420.6]
[81010015,"其他材料费",null,null,"%",{"v":1,"d":"1."},null," ",null,4.21]
[1.3,"机械使用费",null,null,"元"," ",null," ",null,3.17]
[99042025,"振动器",null,null,"台班",0.067,null,10.98,null,0.73]
[99042045,"风(砂)水枪",null,null,"台班",0.017,null,118.87,null,2.07]
[99451170,"其他机械费",null,null,"%",{"v":13,"d":"13."},null," ",null,0.36]
[2,"施工管理费",null,null,"元"," ",null," ",null,35.48]
[3,"利润",null,null,"%",{"v":7,"d":"7."},null,326.57,null,22.86]
[4,"税金",null,null,"%",{"v":9,"d":"9."},null,533.13,null,47.98]
[" ","合计",null,null,"元"," ",null," ",null,581.11]
[" ",{"$nulls":3},"法定代表人",null,null," "]
[" ",{"$nulls":3},"（或委托代理人）：",null,null,"____________________（签字）"]
["工程单价计算表\n"]
[" "," ",null,"普通模板",null,null,"工程",null," "," "]
["单价编号:"," ",{"$nulls":4},"单位:",null,null,"㎡"]
["施工工艺:"," "]
["序号","名称",null,null,"单位","数量",null,"单价(元)",null,"合计(元)"]
[1,"直接费",null,null," "," ",null," ",null,47.12]
[1.1,"人工费",null,null,"元"," ",null," ",null,23.43]
["00010005","技工",null,null,"工日",0.216,null,90.9,null,19.68]
["00010006","普工",null,null,"工日",0.058,null,65.1,null,3.75]
[1.2,"材料费",null,null,"元"," ",null," ",null,16.25]
["01000001","型钢",null,null,"kg",0.43,null,3.98,null,1.71]
["03135270","电焊条",null,null,"kg",0.025,null,6.2,null,0.15]
["03213001","铁件",null,null,"kg",0.015,null,5.5,null,0.08]
["03213131","预埋铁件",null,null,"kg",1.217,null,5.8,null,7.06]
[35010010,"标准钢模板",null,null,"kg",0.995,null,5.44,null,5.41]
[35030115,"卡扣件",null,null,"kg",0.253,null,{"v":6,"d":"6."},null,1.52]
[81010015,"其他材料费",null,null,"%",{"v":3,"d":"3."},null," ",null,0.32]
[1.3,"机械使用费",null,null,"元"," ",null," ",null,7.44]
[99063002,"载重汽车",null,null,"台班",0.001,null,532.14,null,0.32]
[99084033,"汽车起重机",null,null,"台班",0.011,null,570.62,null,6.51]
[99147045,"电焊机",null,null,"台班",0.004,null,53.47,null,0.24]
[99147054,"钢筋切断机",null,null,"台班"," ",null,183.34,null,0.02]
[99451170,"其他机械费",null,null,"%",{"v":5,"d":"5."},null," ",null,0.35]
[2,"施工管理费",null,null,"元"," ",null," ",null,5.54]
[3,"利润",null,null,"%",{"v":7,"d":"7."},null,51.01,null,3.57]
[4,"税金",null,null,"%",{"v":9,"d":"9."},null,56.15,null,5.05]
[" ","合计",null,null,"元"," ",null," ",null,61.2]
[" ",{"$nulls":3},"法定代表人",null,null," "]
[" ",{"$nulls":3},"（或委托代理人）：",null,null,"____________________（签字）"]

{"sheet":"独立费用表","index":5,"n_rows":31,"n_cols":8,"rows_kept":31,"merged":[[0,0,0,7],[1,0,1,7],[2,0,2,1],[2,2,2,7],[3,1,3,3],[3,4,3,5],[4,1,4,3],[4,4,4,5],[5,1,5,3],[5,4,5,5],[6,1,6,3],[6,4,6,5],[7,1,7,3],[7,4,7,5],[8,1,8,3],[8,4,8,5],[9,1,9,3],[9,4,9,5],[10,1,10,3],[10,4,10,5],[11,1,11,3],[11,4,11,5],[12,1,12,3],[12,4,12,5],[13,1,13,3],[13,4,13,5],[14,1,14,3],[14,4,14,5],[15,1,15,3],[15,4,15,5],[16,1,16,3],[16,4,16,5],[17,1,17,3],[17,4,17,5],[18,1,18,3],[18,4,18,5],[19,1,19,3],[19,4,19,5],[20,1,20,3],[20,4,20,5],[21,1,21,3],[21,4,21,5],[22,1,22,3],[22,4,22,5],[23,1,23,3],[23,4,23,5],[24,1,24,3],[24,4,24,5],[25,1,25,3],[25,4,25,5],[26,1,26,3],[26,4,26,5],[27,1,27,3],[27,4,27,5],[28,1,28,3],[28,4,28,5],[29,1,29,3],[29,4,29,5],[30,0,30,2],[30,3,30,4],[30,5,30,7]],"flags":["formulas_cached_only"]}
[" "]
["独立费用招标控制价表"]
["工程名称：",null,"阳江滨海新区（阳江高新区）平冈镇东一村委会两东海堤墩溪段、基围头段海堤除险加固项目"]
["序 号","费 用 名 称",null,null,"计算基础(元)",null,"费 率(%)","总 价(元)"]
[1.1,"建设管理费",null,null," ",null," "," "]
["1.1.1","建设单位开办费",null,null," ",null," "," "]
["1.1.2","建设单位人员费和项目管理费",null,null,75221.894,null," "," "]
[1.2,"招标业务费",null,null," ",null," "," "]
[1.3,"经济技术咨询费",null,null,44575.937,null," "," "]
[1.4,"工程建设监理费",null,null," ",null," "," "]
[1.5,"工程造价咨询服务费",null,null,37975.148,null," "," "]
[1.6,"联合试运转费",null,null," ",null," "," "]
[1.7,"生产准备费",null,null," ",null," "," "]
["1.7.1","生产及管理单位提前进厂费",null,null,2785996.06,null," "," "]
["1.7.2","生产职工培训费",null,null,2785996.06,null," "," "]
["1.7.3","管理用具购置费",null,null,2785996.06,null," "," "]
["1.7.4","备品备件购置费",null,null," ",null," "," "]
["1.7.5","工器具及生产家具购置费",null,null," ",null," "," "]
[1.8,"科研勘测设计费",null,null," ",null," "," "]
["1.8.1","工程科学研究试验费",null,null,2785996.06,null," "," "]
["1.8.2","工程勘测设计费",null,null," ",null," "," "]
["1.8.2.1","勘测费",null,null," ",null," "," "]
["1.8.2.2","设计费",null,null," ",null," "," "]
[1.9,"其他",null,null," ",null," "," "]
["1.9.1","工程质量检测费",null,null,2785996.06,null," "," "]
["1.9.2","工程保险费",null,null,2785996.06,null," "," "]
["1.9.3","防汛物资备料",null,null," ",null," "," "]
["1.9.4","爆破工程专项费",null,null," ",null," "," "]
["1.9.5","其他税费",null,null," ",null," "," "]
[" ","合  计",null,null," ",null," "," "]
[" ",null,null," ",null," "]

{"sheet":"主要材料设备价格表","index":6,"n_rows":78,"n_cols":11,"rows_kept":78,"merged":[[0,0,0,10],[1,0,1,1],[1,2,1,10],[2,1,2,2],[2,3,2,4],[2,7,2,8],[3,1,3,2],[3,3,3,4],[3,7,3,8],[4,1,4,2],[4,3,4,4],[4,7,4,8],[5,1,5,2],[5,3,5,4],[5,7,5,8],[6,1,6,2],[6,3,6,4],[6,7,6,8],[7,1,7,2],[7,3,7,4],[7,7,7,8],[8,1,8,2],[8,3,8,4],[8,7,8,8],[9,1,9,2],[9,3,9,4],[9,7,9,8],[10,1,10,2],[10,3,10,4],[10,7,10,8],[11,1,11,2],[11,3,11,4],[11,7,11,8],[12,1,12,2],[12,3,12,4],[12,7,12,8],[13,1,13,2],[13,3,13,4],[13,7,13,8],[14,1,14,2],[14,3,14,4],[14,7,14,8],[15,1,15,2],[15,3,15,4],[15,7,15,8],[16,1,16,2],[16,3,16,4],[16,7,16,8],[17,1,17,2],[17,3,17,4],[17,7,17,8],[18,1,18,2],[18,3,18,4],[18,7,18,8],[19,1,19,2],[19,3,19,4],[19,7,19,8],[20,1,20,2],[20,3,20,4],[20,7,20,8],[21,1,21,2],[21,3,21,4],[21,7,21,8],[22,1,22,2],[22,3,22,4],[22,7,22,8],[23,1,23,2],[23,3,23,4],[23,7,23,8],[24,1,24,2],[24,3,24,4],[24,7,24,8],[25,1,25,2],[25,3,25,4],[25,7,25,8],[26,1,26,2],[26,3,26,4],[26,7,26,8],[27,1,27,2],[27,3,27,4],[27,7,27,8],[28,1,28,2],[28,3,28,4],[28,7,28,8],[29,0,29,3],[29,4,29,7],[29,8,29,10],[30,0,30,10],[31,0,31,1],[31,2,31,10],[32,1,32,2],[32,3,32,4],[32,7,32,8],[33,1,33,2],[33,3,33,4],[33,7,33,8],[34,1,34,2],[34,3,34,4],[34,7,34,8],[35,1,35,2],[35,3,35,4],[35,7,35,8],[36,1,36,2],[36,3,36,4],[36,7,36,8],[37,1,37,2],[37,3,37,4],[37,7,37,8],[38,1,38,2],[38,3,38,4],[38,7,38,8],[39,1,39,2],[39,3,39,4],[39,7,39,8],[40,1,40,2],[40,3,40,4],[40,7,40,8],[41,1,41,2],[41,3,41,4],[41,7,41,8],[42,1,42,2],[42,3,42,4],[42,7,42,8],[43,1,43,2],[43,3,43,4],[43,7,43,8],[44,1,44,2],[44,3,44,4],[44,7,44,8],[45,1,45,2],[45,3,45,4],[45,7,45,8],[46,1,46,2],[46,3,46,4],[46,7,46,8],[47,1,47,2],[47,3,47,4],[47,7,47,8],[48,1,48,2],[48,3,48,4],[48,7,48,8],[49,1,49,2],[49,3,49,4],[49,7,49,8],[50,1,50,2],[50,3,50,4],[50,7,50,8],[51,1,51,2],[51,3,51,4],[51,7,51,8],[52,1,52,2],[52,3,52,4],[52,7,52,8],[53,1,53,2],[53,3,53,4],[53,7,53,8],[54,1,54,2],[54,3,54,4],[54,7,54,8],[55,1,55,2],[55,3,55,4],[55,7,55,8],[56,0,56,3],[56,4,56,7],[56,8,56,10],[57,0,57,10],[58,0,58,1],[58,2,58,10],[59,1,59,2],[59,3,59,4],[59,7,59,8],[60,1,60,2],[60,3,60,4],[60,7,60,8],[61,1,61,2],[61,3,61,4],[61,7,61,8],[62,1,62,2],[62,3,62,4],[62,7,62,8],[63,1,63,2],[63,3,63,4],[63,7,63,8],[64,1,64,2],[64,3,64,4],[64,7,64,8],[65,1,65,2],[65,3,65,4],[65,7,65,8],[66,1,66,2],[66,3,66,4],[66,7,66,8],[67,1,67,2],[67,3,67,4],[67,7,67,8],[68,1,68,2],[68,3,68,4],[68,7,68,8],[69,1,69,2],[69,3,69,4],[69,7,69,8],[70,1,70,2],[70,3,70,4],[70,7,70,8],[71,1,71,2],[71,3,71,4],[71,7,71,8],[72,1,72,2],[72,3,72,4],[72,7,72,8],[73,1,73,2],[73,3,73,4],[73,7,73,8],[74,1,74,2],[74,3,74,4],[74,7,74,8],[75,1,75,2],[75,3,75,4],[75,7,75,8],[76,1,76,2],[76,3,76,4],[76,7,76,8],[77,0,77,3],[77,4,77,7],[77,8,77,10]],"flags":["formulas_cached_only"]}
["主要材料设备价格表"]
["工程名称：",null,"阳江滨海新区（阳江高新区）平冈镇东一村委会两东海堤墩溪段、基围头段海堤除险加固项目"]
["序号","名称",null,"规格",null,"单位","数量","单价(元)",null,"合价(元)","备注"]
[1,"技工",null,"(机械用)",null,"工日",573.713,90.9,null,52150.56," "]
[2,"技工",null," ",null,"工日",1628.837,90.9,null,148061.26," "]
[3,"普工",null," ",null,"工日",2714.788,65.1,null,176732.72," "]
[4,"人工费",null," ",null,"元",2123.559,{"v":1,"d":"1."},null,2123.56," "]
[5,"型钢",null," ",null,"kg",348.266,3.98,null,1386.1," "]
[6,"橡胶止水圈",null,"φ1800",null,"个",19.593,100.42,null,1967.53," "]
[7,"编织袋",null," ",null,"个",17607.6,0.6,null,10564.56," "]
[8,"彩条布（170g/m2）",null," ",null,"㎡",1926.062,2.5,null,4815.16," "]
[9,"电焊条",null," ",null,"kg",20.1,6.2,null,124.62," "]
[10,"铁件",null," ",null,"kg",12.157,5.5,null,66.87," "]
[11,"预埋铁件",null," ",null,"kg",986.2,5.8,null,5719.96," "]
[12,"水泥",null,"42.5R",null,"t",39.91,405.31,null,16175.82," "]
[13,"水泥",null,"42.5R",null,"kg",70177.14,0.41,null,28443.5," "]
[14,"砂",null," ",null,"m3",310.862,197.75,null,{"v":61473,"d":"61473."}," "]
[15,"碎石",null," ",null,"m3",581.148,136.2,null,79152.31," "]
[16,"石屑",null," ",null,"m3",453.354,90.92,null,41218.93," "]
[17,"毛石",null," ",null,"m3",2871.574,120.07,null,344789.91," "]
[18,"块石",null," ",null,"m3",1085.361,115.95,null,125847.57," "]
[19,"板枋材",null," ",null,"m3",0.652,1330.35,null,867.55," "]
[20,"黄油",null," ",null,"kg",6.344,13.8,null,87.55," "]
[21,"预制钢筋混凝土Ⅱ级管DN1500*150mm",null," ",null,"m",94.233,1128.39,null,106331.57," "]
[22,"草皮",null," ",null,"㎡",3700.655,6.28,null,23240.11," "]
[23,"水",null," ",null,"m3",1334.579,0.6,null,800.75," "]
[24,"风",null," ",null,"m3",6729.75,0.13,null,874.87," "]
[25,"标准钢模板",null," ",null,"kg",806.11,5.44,null,4385.24," "]
[26,"卡扣件",null," ",null,"kg",205.296,{"v":6,"d":"6."},null,1231.78," "]
[" ",{"$nulls":3}," ",{"$nulls":3}," "]
["主要材料设备价格表"]
["工程名称：",null,"阳江滨海新区（阳江高新区）平冈镇东一村委会两东海堤墩溪段、基围头段海堤除险加固项目"]
["序号","名称",null,"规格",null,"单位","数量","单价(元)",null,"合价(元)","备注"]
[27,"C25预制砼路缘石150*300*1000mm",null," ",null,"m",950.232,24.87,null,23632.27," "]
[28,"水泥砌筑砂浆",null,"M7.5",null,"m3",277.556,325.31,null,90291.59," "]
[29,"普通预拌混凝土 C15",null," ",null,"m3",35.459,388.93,null,13791.08," "]
[30,"纯混凝土C30 二级配 42.5R",null,"(商品)",null,"m3",498.872,418.06,null,208558.34," "]
[31,"纯混凝土C20 二级配 42.5R",null,"(商品)",null,"m3",671.171,398.64,null,267555.55," "]
[32,"纯混凝土C15 二级配 42.5R",null,"(商品)",null,"m3",22.433,388.93,null,8724.98," "]
[33,"纯混凝土C25 二级配 42.5R",null,"(商品)",null,"m3",54.198,408.35,null,22131.83," "]
[34,"纯混凝土C25 二级配 42.5R",null,"(商品)",null,"m3",47.527,408.35,null,19407.72," "]
[35,"纯混凝土C25 二级配 42.5R",null,"(商品)",null,"m3",98.829,408.35,null,40356.87," "]
[36,"挖掘机",null,"液压 斗容0.6m3",null,"台班",4.668,917.46,null,4283.14," "]
[37,"挖掘机",null,"液压 斗容1m3",null,"台班",35.564,1216.25,null,{"v":43255,"d":"43255."}," "]
[38,"推土机",null,"功率59kW",null,"台班",11.904,739.51,null,8803.25," "]
[39,"推土机",null,"功率74kW",null,"台班",10.989,876.34,null,9630.17," "]
[40,"推土机",null,"功率88kW",null,"台班",13.207,1055.19,null,13935.98," "]
[41,"推土机",null,"功率118kW",null,"台班",7.648,1362.07,null,10417.73," "]
[42,"振动碾",null,"凸块 重量13～14t",null,"台班",16.379,1477.74,null,24204.35," "]
[43,"压路机",null,"内燃 重量8～10t",null,"台班",0.359,464.69,null,166.67," "]
[44,"压路机",null,"内燃 重量12～15t",null,"台班",2.413,624.84,null,1507.64," "]
[45,"刨毛机",null,"拖拉机55kW+羊足碾5～7t",null,"台班",10.08,604.01,null,6088.16," "]
[46,"蛙式夯实机",null,"功率2.8kW",null,"台班",39.87,199.32,null,7946.93," "]
[47,"混凝土搅拌机",null,"出料0.4m3",null,"台班",9.756,166.64,null,1625.74," "]
[48,"振动器",null,"插入式 功率1.1KW",null,"台班",18.414,10.98,null,202.19," "]
[49,"振动器",null,"平板式 功率2.2KW",null,"台班",87.076,11.76,null,1024.02," "]
[" ",{"$nulls":3}," ",{"$nulls":3}," "]
["主要材料设备价格表"]
["工程名称：",null,"阳江滨海新区（阳江高新区）平冈镇东一村委会两东海堤墩溪段、基围头段海堤除险加固项目"]
["序号","名称",null,"规格",null,"单位","数量","单价(元)",null,"合价(元)","备注"]
[50,"风(砂)水枪",null,"耗风量6m3/min",null,"台班",8.308,118.87,null,987.61," "]
[51,"载重汽车",null,"载重量5t",null,"台班",0.812,532.14,null,432.29," "]
[52,"载重汽车",null,"载重量15t",null,"台班",1.12,809.2,null,905.98," "]
[53,"自卸汽车",null,"载重量10t",null,"台班",226.179,737.58,null,166825.3," "]
[54,"胶轮车",null," ",null,"台班",217.033,4.75,null,1030.91," "]
[55,"汽车起重机",null,"起重量5t",null,"台班",9.24,570.62,null,5272.27," "]
[56,"汽车起重机",null,"起重量30t",null,"台班",2.799,1278.13,null,3577.49," "]
[57,"卷扬机",null,"双筒慢速 起重量5t",null,"台班",2.799,175.09,null,490.08," "]
[58,"电焊机",null,"交流 25～30kVA",null,"台班",3.647,53.47,null,195.02," "]
[59,"钢筋切断机",null,"功率20kW",null,"台班",0.081,183.34,null,14.86," "]
[60,"维护费",null," ",null,"元",35.504,{"v":1,"d":"1."},null,35.5," "]
[61,"汽油",null,"(机械用)",null,"kg",267.472,10.06,null,2690.77," "]
[62,"柴油",null,"(机械用)0#",null,"kg",16.431,8.48,null,139.34," "]
[63,"柴油",null,"(机械用)",null,"kg",18462.772,8.48,null,156564.31," "]
[64,"电",null,"(机械用)",null,"kw.h",1762.79,0.85,null,1498.37," "]
[65,"水",null,"(机械用)",null,"m3",136.257,0.6,null,81.75," "]
[66,"其他材料费",null," ",null,"元",70.918,{"v":1,"d":"1."},null,70.92," "]
[" ",{"$nulls":3}," ",{"$nulls":3}," "]